<?xml version="1.0" encoding="UTF-8"?>
<record
    xmlns:xsi="http://www.w3.org/2001/XMLSchema-instance"
    xsi:schemaLocation="http://www.loc.gov/MARC21/slim http://www.loc.gov/standards/marcxml/schema/MARC21slim.xsd"
    xmlns="http://www.loc.gov/MARC21/slim">

  <leader>01755nam a22003497a 4500</leader>
  <controlfield tag="003">DO-SdBNP</controlfield>
  <controlfield tag="005">20240404114900.0</controlfield>
  <controlfield tag="008">160624b  2009   dr ||| 00| 0 spa d</controlfield>
  <datafield tag="020" ind1=" " ind2=" ">
    <subfield code="a">9789945462005 (Obra completa)</subfield>
  </datafield>
  <datafield tag="040" ind1=" " ind2=" ">
    <subfield code="a">BPMSU</subfield>
    <subfield code="b">spa</subfield>
    <subfield code="c">BPMSU</subfield>
  </datafield>
  <datafield tag="082" ind1=" " ind2=" ">
    <subfield code="a">RD868.44</subfield>
    <subfield code="b">B742o 2009</subfield>
    <subfield code="2">22</subfield>
  </datafield>
  <datafield tag="092" ind1=" " ind2=" ">
    <subfield code="a"> </subfield>
    <subfield code="b">    </subfield>
  </datafield>
  <datafield tag="100" ind1="1" ind2=" ">
    <subfield code="a">Bosch, Juan,</subfield>
    <subfield code="d">1909-2001</subfield>
    <subfield code="9">1</subfield>
  </datafield>
  <datafield tag="245" ind1="1" ind2="0">
    <subfield code="a">Obras completas /</subfield>
    <subfield code="c">Juan Bosch ; edici&#xF3;n Guillermo Pi&#xF1;a-Contreras ; colaboradores Eduardo Selman Hasb&#xFA;n, Juan Daniel Balc&#xE1;cer ; introducci&#xF3;n Pedro Verg&#xE9;s</subfield>
  </datafield>
  <datafield tag="260" ind1=" " ind2=" ">
    <subfield code="a">Santo Domingo :</subfield>
    <subfield code="b">Comisi&#xF3;n Permanente de Efem&#xE9;rides Patrias,</subfield>
    <subfield code="c">2009.</subfield>
  </datafield>
  <datafield tag="300" ind1=" " ind2=" ">
    <subfield code="a">40 v. :</subfield>
    <subfield code="c">21 cm.</subfield>
  </datafield>
  <datafield tag="505" ind1=" " ind2=" ">
    <subfield code="g">v. 1 - v. 4 --</subfield>
    <subfield code="t">Narrativa --</subfield>
    <subfield code="g">v. 5 --</subfield>
    <subfield code="t">Teor&#xED;a literaria --</subfield>
    <subfield code="g">v. 6 - v. 7 --</subfield>
    <subfield code="t">Biograf&#xED;as --</subfield>
    <subfield code="g">v. 8 --</subfield>
    <subfield code="t">Textos autobiogr&#xE1;ficos --</subfield>
    <subfield code="g">v. 9 - v. 14</subfield>
    <subfield code="t">Historia Dominicana --</subfield>
    <subfield code="g">v. 15 --</subfield>
    <subfield code="t">Tesis pol&#xED;ticas --</subfield>
    <subfield code="g">v. 16 - v. 17 --</subfield>
    <subfield code="t">Textos hist&#xF3;ricos --</subfield>
    <subfield code="g">v.  18 --</subfield>
    <subfield code="t">Textos econ&#xF3;micos --</subfield>
    <subfield code="g">v. 19 - v. 26 --</subfield>
    <subfield code="t">Discursos --</subfield>
    <subfield code="g">v. 27 --</subfield>
    <subfield code="t">Capacitaci&#xF3;n pol&#xED;tica y otros textos --</subfield>
    <subfield code="g">v. 28 --</subfield>
    <subfield code="t">Informes al PLD y otros textos --</subfield>
    <subfield code="g">v. 29 - v. 40 --</subfield>
    <subfield code="t">Obra period&#xED;stica.</subfield>
  </datafield>
  <datafield tag="590" ind1=" " ind2=" ">
    <subfield code="6">Inventariado, 2022/VM</subfield>
  </datafield>
  <datafield tag="650" ind1=" " ind2="4">
    <subfield code="a">Literatura dominicana </subfield>
  </datafield>
  <datafield tag="650" ind1=" " ind2="4">
    <subfield code="a">Pol&#xED;tica internacional </subfield>
  </datafield>
  <datafield tag="650" ind1=" " ind2="4">
    <subfield code="a">Historia mundial </subfield>
  </datafield>
  <datafield tag="650" ind1=" " ind2="4">
    <subfield code="a">Autores dominicanos </subfield>
    <subfield code="x">Entrevistas </subfield>
    <subfield code="y">1963-1991</subfield>
  </datafield>
  <datafield tag="651" ind1=" " ind2="4">
    <subfield code="a">Rep&#xFA;blica Dominicana </subfield>
    <subfield code="x">Biograf&#xED;as </subfield>
  </datafield>
  <datafield tag="651" ind1=" " ind2="4">
    <subfield code="a">Rep&#xFA;blica Dominicana </subfield>
    <subfield code="x">Pol&#xED;tica y gobierno </subfield>
  </datafield>
  <datafield tag="651" ind1=" " ind2="4">
    <subfield code="a">Rep&#xFA;blica Dominicana </subfield>
    <subfield code="x">Historia </subfield>
  </datafield>
  <datafield tag="700" ind1="1" ind2=" ">
    <subfield code="a">Pi&#xF1;a-Contreras, Guillermo,</subfield>
    <subfield code="e">editor </subfield>
  </datafield>
  <datafield tag="700" ind1="1" ind2=" ">
    <subfield code="a">Selman Hasb&#xFA;n, Eduardo,</subfield>
    <subfield code="e">colaborador </subfield>
  </datafield>
  <datafield tag="700" ind1="1" ind2=" ">
    <subfield code="a">Balc&#xE1;cer, Juan Daniel,</subfield>
    <subfield code="e">colaborador </subfield>
  </datafield>
  <datafield tag="700" ind1="1" ind2=" ">
    <subfield code="a">Verg&#xE9;s, Pedro,</subfield>
    <subfield code="e">introd.</subfield>
  </datafield>
  <datafield tag="910" ind1=" " ind2=" ">
    <subfield code="a">VMateo V./Validado. Control de calidad MFF</subfield>
  </datafield>
  <datafield tag="942" ind1=" " ind2=" ">
    <subfield code="2">ddc</subfield>
    <subfield code="c">BK</subfield>
  </datafield>
  <datafield tag="952" ind1=" " ind2=" ">
    <subfield code="0">0</subfield>
    <subfield code="1">0</subfield>
    <subfield code="2">ddc</subfield>
    <subfield code="4">0</subfield>
    <subfield code="7">0</subfield>
    <subfield code="8">CD</subfield>
    <subfield code="a">BPMET</subfield>
    <subfield code="b">BPMET</subfield>
    <subfield code="d">2016-06-24</subfield>
    <subfield code="e">Comisi&#xF3;n Permanente Efem&#xE9;rides Patria</subfield>
    <subfield code="o">BPMSU CD RD868.44 B742o 2009</subfield>
    <subfield code="p">BPMSU16060516</subfield>
    <subfield code="r">2016-06-24</subfield>
    <subfield code="t">v. 1</subfield>
    <subfield code="w">2016-06-24</subfield>
    <subfield code="y">BK</subfield>
  </datafield>
  <datafield tag="952" ind1=" " ind2=" ">
    <subfield code="0">0</subfield>
    <subfield code="1">0</subfield>
    <subfield code="2">ddc</subfield>
    <subfield code="4">0</subfield>
    <subfield code="7">0</subfield>
    <subfield code="8">CD</subfield>
    <subfield code="a">BPMET</subfield>
    <subfield code="b">BPMET</subfield>
    <subfield code="d">2016-06-24</subfield>
    <subfield code="e">Comisi&#xF3;n Permanente Efem&#xE9;rides Patria</subfield>
    <subfield code="o">BPMSU CD RD868.44 B742o 2009</subfield>
    <subfield code="p">BPMSU16060520</subfield>
    <subfield code="r">2016-06-24</subfield>
    <subfield code="t">v. 1, e. 2</subfield>
    <subfield code="w">2016-06-24</subfield>
    <subfield code="y">BK</subfield>
  </datafield>
  <datafield tag="952" ind1=" " ind2=" ">
    <subfield code="0">0</subfield>
    <subfield code="1">0</subfield>
    <subfield code="2">ddc</subfield>
    <subfield code="4">0</subfield>
    <subfield code="7">0</subfield>
    <subfield code="8">CD</subfield>
    <subfield code="a">BPMET</subfield>
    <subfield code="b">BPMET</subfield>
    <subfield code="d">2016-06-24</subfield>
    <subfield code="e">Comisi&#xF3;n Permanente Efem&#xE9;rides Patria</subfield>
    <subfield code="o">BPMSU CD RD868.44 B742o 2009</subfield>
    <subfield code="p">BPMSU16060521</subfield>
    <subfield code="r">2016-06-24</subfield>
    <subfield code="t">v.  1, e. 3</subfield>
    <subfield code="w">2016-06-24</subfield>
    <subfield code="y">BK</subfield>
  </datafield>
  <datafield tag="952" ind1=" " ind2=" ">
    <subfield code="0">0</subfield>
    <subfield code="1">0</subfield>
    <subfield code="2">ddc</subfield>
    <subfield code="4">0</subfield>
    <subfield code="7">0</subfield>
    <subfield code="8">CD</subfield>
    <subfield code="a">BPMET</subfield>
    <subfield code="b">BPMET</subfield>
    <subfield code="d">2016-06-24</subfield>
    <subfield code="e">Comisi&#xF3;n Permanente Efem&#xE9;rides Patria</subfield>
    <subfield code="o">BPMSU CD RD868.44 B742o 2009</subfield>
    <subfield code="p">BPMSU16060522</subfield>
    <subfield code="r">2016-06-24</subfield>
    <subfield code="t"> v. 2 </subfield>
    <subfield code="w">2016-06-24</subfield>
    <subfield code="y">BK</subfield>
  </datafield>
  <datafield tag="952" ind1=" " ind2=" ">
    <subfield code="0">0</subfield>
    <subfield code="1">0</subfield>
    <subfield code="2">ddc</subfield>
    <subfield code="4">0</subfield>
    <subfield code="7">0</subfield>
    <subfield code="8">CD</subfield>
    <subfield code="a">BPMET</subfield>
    <subfield code="b">BPMET</subfield>
    <subfield code="d">2016-06-24</subfield>
    <subfield code="e">Comisi&#xF3;n Permanente Efem&#xE9;rides Patria</subfield>
    <subfield code="o">BPMSU CD RD868.44 B742o 2009</subfield>
    <subfield code="p">BPMSU16060523</subfield>
    <subfield code="r">2016-06-24</subfield>
    <subfield code="t">v. 2, e. 2</subfield>
    <subfield code="w">2016-06-24</subfield>
    <subfield code="y">BK</subfield>
  </datafield>
  <datafield tag="952" ind1=" " ind2=" ">
    <subfield code="0">0</subfield>
    <subfield code="1">0</subfield>
    <subfield code="2">ddc</subfield>
    <subfield code="4">0</subfield>
    <subfield code="7">0</subfield>
    <subfield code="8">CD</subfield>
    <subfield code="a">BPMET</subfield>
    <subfield code="b">BPMET</subfield>
    <subfield code="d">2016-06-24</subfield>
    <subfield code="e">Comisi&#xF3;n Permanente Efem&#xE9;rides Patria</subfield>
    <subfield code="o">BPMSU CD RD868.44 B742o 2009</subfield>
    <subfield code="p">BPMSU16060524</subfield>
    <subfield code="r">2016-06-24</subfield>
    <subfield code="t">v. 2, e. 3</subfield>
    <subfield code="w">2016-06-24</subfield>
    <subfield code="y">BK</subfield>
  </datafield>
  <datafield tag="952" ind1=" " ind2=" ">
    <subfield code="0">0</subfield>
    <subfield code="1">0</subfield>
    <subfield code="2">ddc</subfield>
    <subfield code="4">0</subfield>
    <subfield code="7">0</subfield>
    <subfield code="8">CD</subfield>
    <subfield code="a">BPMET</subfield>
    <subfield code="b">BPMET</subfield>
    <subfield code="d">2016-06-24</subfield>
    <subfield code="e">Comisi&#xF3;n Permanente Efem&#xE9;rides Patria</subfield>
    <subfield code="o">BPMSU CD RD868.44 B742o 2009</subfield>
    <subfield code="p">BPMSU16060525</subfield>
    <subfield code="r">2016-06-24</subfield>
    <subfield code="t">v. 3</subfield>
    <subfield code="w">2016-06-24</subfield>
    <subfield code="y">BK</subfield>
  </datafield>
  <datafield tag="952" ind1=" " ind2=" ">
    <subfield code="0">0</subfield>
    <subfield code="1">0</subfield>
    <subfield code="2">ddc</subfield>
    <subfield code="4">0</subfield>
    <subfield code="7">0</subfield>
    <subfield code="8">CD</subfield>
    <subfield code="a">BPMET</subfield>
    <subfield code="b">BPMET</subfield>
    <subfield code="d">2016-06-24</subfield>
    <subfield code="e">Comisi&#xF3;n Permanente Efem&#xE9;rides Patria</subfield>
    <subfield code="o">BPMSU CD RD868.44 B742o 2009</subfield>
    <subfield code="p">BPMSU16060526</subfield>
    <subfield code="r">2016-06-24</subfield>
    <subfield code="t">v.3, e.3</subfield>
    <subfield code="w">2016-06-24</subfield>
    <subfield code="y">BK</subfield>
  </datafield>
  <datafield tag="952" ind1=" " ind2=" ">
    <subfield code="0">0</subfield>
    <subfield code="1">0</subfield>
    <subfield code="2">ddc</subfield>
    <subfield code="4">0</subfield>
    <subfield code="7">0</subfield>
    <subfield code="8">CD</subfield>
    <subfield code="a">BPMET</subfield>
    <subfield code="b">BPMET</subfield>
    <subfield code="d">2016-06-24</subfield>
    <subfield code="e">Comisi&#xF3;n Permanente Efem&#xE9;rides Patria</subfield>
    <subfield code="o">BPMSU CD RD868.44 B742o 2009</subfield>
    <subfield code="p">BPMSU16060527</subfield>
    <subfield code="r">2016-06-24</subfield>
    <subfield code="t">v.3, e.2</subfield>
    <subfield code="w">2016-06-24</subfield>
    <subfield code="y">BK</subfield>
  </datafield>
  <datafield tag="952" ind1=" " ind2=" ">
    <subfield code="0">0</subfield>
    <subfield code="1">0</subfield>
    <subfield code="2">ddc</subfield>
    <subfield code="4">0</subfield>
    <subfield code="7">0</subfield>
    <subfield code="8">CD</subfield>
    <subfield code="a">BPMET</subfield>
    <subfield code="b">BPMET</subfield>
    <subfield code="d">2016-06-24</subfield>
    <subfield code="e">Comisi&#xF3;n Permanente Efem&#xE9;rides Patria</subfield>
    <subfield code="o">BPMSU CD RD868.44 B742o 2009</subfield>
    <subfield code="p">BPMSU16060528</subfield>
    <subfield code="r">2016-06-24</subfield>
    <subfield code="t">v. 4</subfield>
    <subfield code="w">2016-06-24</subfield>
    <subfield code="y">BK</subfield>
  </datafield>
  <datafield tag="952" ind1=" " ind2=" ">
    <subfield code="0">0</subfield>
    <subfield code="1">0</subfield>
    <subfield code="2">ddc</subfield>
    <subfield code="4">0</subfield>
    <subfield code="7">0</subfield>
    <subfield code="8">CD</subfield>
    <subfield code="a">BPMET</subfield>
    <subfield code="b">BPMET</subfield>
    <subfield code="d">2016-06-24</subfield>
    <subfield code="e">Comisi&#xF3;n Permanente Efem&#xE9;rides Patria</subfield>
    <subfield code="o">BPMSU CD RD868.44 B742o 2009</subfield>
    <subfield code="p">BPMSU16060529</subfield>
    <subfield code="r">2016-06-24</subfield>
    <subfield code="t">v.4, e.2 </subfield>
    <subfield code="w">2016-06-24</subfield>
    <subfield code="y">BK</subfield>
  </datafield>
  <datafield tag="952" ind1=" " ind2=" ">
    <subfield code="0">0</subfield>
    <subfield code="1">0</subfield>
    <subfield code="2">ddc</subfield>
    <subfield code="4">0</subfield>
    <subfield code="7">0</subfield>
    <subfield code="8">CD</subfield>
    <subfield code="a">BPMET</subfield>
    <subfield code="b">BPMET</subfield>
    <subfield code="d">2016-06-24</subfield>
    <subfield code="e">Comisi&#xF3;n Permanente Efem&#xE9;rides Patria</subfield>
    <subfield code="o">BPMSU CD RD868.44 B742o 2009</subfield>
    <subfield code="p">BPMSU16060530</subfield>
    <subfield code="r">2016-06-24</subfield>
    <subfield code="t">v.4, e.3</subfield>
    <subfield code="w">2016-06-24</subfield>
    <subfield code="y">BK</subfield>
  </datafield>
  <datafield tag="952" ind1=" " ind2=" ">
    <subfield code="0">0</subfield>
    <subfield code="1">0</subfield>
    <subfield code="2">ddc</subfield>
    <subfield code="4">0</subfield>
    <subfield code="7">0</subfield>
    <subfield code="8">CD</subfield>
    <subfield code="a">BPMET</subfield>
    <subfield code="b">BPMET</subfield>
    <subfield code="d">2016-06-24</subfield>
    <subfield code="e">Comisi&#xF3;n Permanente Efem&#xE9;rides Patria</subfield>
    <subfield code="o">BPMSU CD RD868.44 B742o 2009</subfield>
    <subfield code="p">BPMSU16060531</subfield>
    <subfield code="r">2016-06-24</subfield>
    <subfield code="t"> v.5</subfield>
    <subfield code="w">2016-06-24</subfield>
    <subfield code="y">BK</subfield>
  </datafield>
  <datafield tag="952" ind1=" " ind2=" ">
    <subfield code="0">0</subfield>
    <subfield code="1">0</subfield>
    <subfield code="2">ddc</subfield>
    <subfield code="4">0</subfield>
    <subfield code="7">0</subfield>
    <subfield code="8">CD</subfield>
    <subfield code="a">BPMET</subfield>
    <subfield code="b">BPMET</subfield>
    <subfield code="d">2016-06-24</subfield>
    <subfield code="e">Comisi&#xF3;n Permanente Efem&#xE9;rides Patria</subfield>
    <subfield code="o">BPMSU CD RD868.44 B742o 2009</subfield>
    <subfield code="p">BPMSU16060532</subfield>
    <subfield code="r">2016-06-24</subfield>
    <subfield code="t">v.5, e.2</subfield>
    <subfield code="w">2016-06-24</subfield>
    <subfield code="y">BK</subfield>
  </datafield>
  <datafield tag="952" ind1=" " ind2=" ">
    <subfield code="0">0</subfield>
    <subfield code="1">0</subfield>
    <subfield code="2">ddc</subfield>
    <subfield code="4">0</subfield>
    <subfield code="7">0</subfield>
    <subfield code="8">CD</subfield>
    <subfield code="a">BPMET</subfield>
    <subfield code="b">BPMET</subfield>
    <subfield code="d">2016-06-24</subfield>
    <subfield code="e">Comisi&#xF3;n Permanente Efem&#xE9;rides Patria</subfield>
    <subfield code="o">BPMSU CD RD868.44 B742o 2009</subfield>
    <subfield code="p">BPMSU16060534</subfield>
    <subfield code="r">2016-06-24</subfield>
    <subfield code="t">v.5, e.3</subfield>
    <subfield code="w">2016-06-24</subfield>
    <subfield code="y">BK</subfield>
  </datafield>
  <datafield tag="952" ind1=" " ind2=" ">
    <subfield code="0">0</subfield>
    <subfield code="1">0</subfield>
    <subfield code="2">ddc</subfield>
    <subfield code="4">0</subfield>
    <subfield code="7">0</subfield>
    <subfield code="8">CD</subfield>
    <subfield code="a">BPMET</subfield>
    <subfield code="b">BPMET</subfield>
    <subfield code="d">2016-06-24</subfield>
    <subfield code="e">Comisi&#xF3;n Permanente Efem&#xE9;rides Patria</subfield>
    <subfield code="o">BPMSU CD RD868.44 B742o 2009</subfield>
    <subfield code="p">BPMSU16060535</subfield>
    <subfield code="r">2016-06-24</subfield>
    <subfield code="t">v.6</subfield>
    <subfield code="w">2016-06-24</subfield>
    <subfield code="y">BK</subfield>
  </datafield>
  <datafield tag="952" ind1=" " ind2=" ">
    <subfield code="0">0</subfield>
    <subfield code="1">0</subfield>
    <subfield code="2">ddc</subfield>
    <subfield code="4">0</subfield>
    <subfield code="7">0</subfield>
    <subfield code="8">CD</subfield>
    <subfield code="a">BPMET</subfield>
    <subfield code="b">BPMET</subfield>
    <subfield code="d">2016-06-24</subfield>
    <subfield code="e">Comisi&#xF3;n Permanente Efem&#xE9;rides Patria</subfield>
    <subfield code="o">BPMSU CD RD868.44 B742o 2009</subfield>
    <subfield code="p">BPMSU16060536</subfield>
    <subfield code="r">2016-06-24</subfield>
    <subfield code="t">v.6, e.2</subfield>
    <subfield code="w">2016-06-24</subfield>
    <subfield code="y">BK</subfield>
  </datafield>
  <datafield tag="952" ind1=" " ind2=" ">
    <subfield code="0">0</subfield>
    <subfield code="1">0</subfield>
    <subfield code="2">ddc</subfield>
    <subfield code="4">0</subfield>
    <subfield code="7">0</subfield>
    <subfield code="8">CD</subfield>
    <subfield code="a">BPMET</subfield>
    <subfield code="b">BPMET</subfield>
    <subfield code="d">2016-06-24</subfield>
    <subfield code="e">Comisi&#xF3;n Permanente Efem&#xE9;rides Patria</subfield>
    <subfield code="o">BPMSU CD RD868.44 B742o 2009</subfield>
    <subfield code="p">BPMSU16060537</subfield>
    <subfield code="r">2016-06-24</subfield>
    <subfield code="t">v.6, e.3</subfield>
    <subfield code="w">2016-06-24</subfield>
    <subfield code="y">BK</subfield>
  </datafield>
  <datafield tag="952" ind1=" " ind2=" ">
    <subfield code="0">0</subfield>
    <subfield code="1">0</subfield>
    <subfield code="2">ddc</subfield>
    <subfield code="4">0</subfield>
    <subfield code="7">0</subfield>
    <subfield code="8">CD</subfield>
    <subfield code="a">BPMET</subfield>
    <subfield code="b">BPMET</subfield>
    <subfield code="d">2016-06-24</subfield>
    <subfield code="e">Comisi&#xF3;n Permanente Efem&#xE9;rides Patria</subfield>
    <subfield code="o">BPMSU CD RD868.44 B742o 2009</subfield>
    <subfield code="p">BPMSU16060538</subfield>
    <subfield code="r">2016-06-24</subfield>
    <subfield code="t"> v.7</subfield>
    <subfield code="w">2016-06-24</subfield>
    <subfield code="y">BK</subfield>
  </datafield>
  <datafield tag="952" ind1=" " ind2=" ">
    <subfield code="0">0</subfield>
    <subfield code="1">0</subfield>
    <subfield code="2">ddc</subfield>
    <subfield code="4">0</subfield>
    <subfield code="7">0</subfield>
    <subfield code="8">CD</subfield>
    <subfield code="a">BPMET</subfield>
    <subfield code="b">BPMET</subfield>
    <subfield code="d">2016-06-24</subfield>
    <subfield code="e">Comisi&#xF3;n Permanente Efem&#xE9;rides Patria</subfield>
    <subfield code="o">BPMSU CD RD868.44 B742o 2009</subfield>
    <subfield code="p">BPMSU16060539</subfield>
    <subfield code="r">2016-06-24</subfield>
    <subfield code="t">v. 7, e. 2</subfield>
    <subfield code="w">2016-06-24</subfield>
    <subfield code="y">BK</subfield>
  </datafield>
  <datafield tag="952" ind1=" " ind2=" ">
    <subfield code="0">0</subfield>
    <subfield code="1">0</subfield>
    <subfield code="2">ddc</subfield>
    <subfield code="4">0</subfield>
    <subfield code="7">0</subfield>
    <subfield code="8">CD</subfield>
    <subfield code="a">BPMET</subfield>
    <subfield code="b">BPMET</subfield>
    <subfield code="d">2016-06-24</subfield>
    <subfield code="e">Comisi&#xF3;n Permanente Efem&#xE9;rides Patria</subfield>
    <subfield code="o">BPMSU CD RD868.44 B742o 2009</subfield>
    <subfield code="p">BPMSU16060540</subfield>
    <subfield code="r">2016-06-24</subfield>
    <subfield code="t">v.7, e.3</subfield>
    <subfield code="w">2016-06-24</subfield>
    <subfield code="y">BK</subfield>
  </datafield>
  <datafield tag="952" ind1=" " ind2=" ">
    <subfield code="0">0</subfield>
    <subfield code="1">0</subfield>
    <subfield code="2">ddc</subfield>
    <subfield code="4">0</subfield>
    <subfield code="7">0</subfield>
    <subfield code="8">CD</subfield>
    <subfield code="a">BPMET</subfield>
    <subfield code="b">BPMET</subfield>
    <subfield code="d">2016-06-24</subfield>
    <subfield code="e">Comisi&#xF3;n Permanente Efem&#xE9;rides Patria</subfield>
    <subfield code="o">BPMSU CD RD868.44 B742o 2009</subfield>
    <subfield code="p">BPMSU16060541</subfield>
    <subfield code="r">2016-06-24</subfield>
    <subfield code="t">v.8</subfield>
    <subfield code="w">2016-06-24</subfield>
    <subfield code="y">BK</subfield>
  </datafield>
  <datafield tag="952" ind1=" " ind2=" ">
    <subfield code="0">0</subfield>
    <subfield code="1">0</subfield>
    <subfield code="2">ddc</subfield>
    <subfield code="4">0</subfield>
    <subfield code="7">0</subfield>
    <subfield code="8">CD</subfield>
    <subfield code="a">BPMET</subfield>
    <subfield code="b">BPMET</subfield>
    <subfield code="d">2016-06-24</subfield>
    <subfield code="e">Comisi&#xF3;n Permanente Efem&#xE9;rides Patria</subfield>
    <subfield code="o">BPMSU CD RD868.44 B742o 2009</subfield>
    <subfield code="p">BPMSU16060542</subfield>
    <subfield code="r">2016-06-24</subfield>
    <subfield code="t">v.8, e.2</subfield>
    <subfield code="w">2016-06-24</subfield>
    <subfield code="y">BK</subfield>
  </datafield>
  <datafield tag="952" ind1=" " ind2=" ">
    <subfield code="0">0</subfield>
    <subfield code="1">0</subfield>
    <subfield code="2">ddc</subfield>
    <subfield code="4">0</subfield>
    <subfield code="7">0</subfield>
    <subfield code="8">CD</subfield>
    <subfield code="a">BPMET</subfield>
    <subfield code="b">BPMET</subfield>
    <subfield code="d">2016-06-24</subfield>
    <subfield code="e">Comisi&#xF3;n Permanente Efem&#xE9;rides Patria</subfield>
    <subfield code="o">BPMSU CD RD868.44 B742o 2009</subfield>
    <subfield code="p">BPMSU16060543</subfield>
    <subfield code="r">2016-06-24</subfield>
    <subfield code="t">v.8, e.3</subfield>
    <subfield code="w">2016-06-24</subfield>
    <subfield code="y">BK</subfield>
  </datafield>
  <datafield tag="952" ind1=" " ind2=" ">
    <subfield code="0">0</subfield>
    <subfield code="1">0</subfield>
    <subfield code="2">ddc</subfield>
    <subfield code="4">0</subfield>
    <subfield code="7">0</subfield>
    <subfield code="8">CD</subfield>
    <subfield code="a">BPMET</subfield>
    <subfield code="b">BPMET</subfield>
    <subfield code="d">2016-06-24</subfield>
    <subfield code="e">Comisi&#xF3;n Permanente Efem&#xE9;rides Patria</subfield>
    <subfield code="o">BPMSU CD RD868.44 B742o 2009</subfield>
    <subfield code="p">BPMSU16060544</subfield>
    <subfield code="r">2016-06-24</subfield>
    <subfield code="t">v.9</subfield>
    <subfield code="w">2016-06-24</subfield>
    <subfield code="y">BK</subfield>
  </datafield>
  <datafield tag="952" ind1=" " ind2=" ">
    <subfield code="0">0</subfield>
    <subfield code="1">0</subfield>
    <subfield code="2">ddc</subfield>
    <subfield code="4">0</subfield>
    <subfield code="7">0</subfield>
    <subfield code="8">CD</subfield>
    <subfield code="a">BPMET</subfield>
    <subfield code="b">BPMET</subfield>
    <subfield code="d">2016-06-24</subfield>
    <subfield code="e">Comisi&#xF3;n Permanente Efem&#xE9;rides Patria</subfield>
    <subfield code="o">BPMSU CD RD868.44 B742o 2009</subfield>
    <subfield code="p">BPMSU16060545</subfield>
    <subfield code="r">2016-06-24</subfield>
    <subfield code="t">v.9. e.2</subfield>
    <subfield code="w">2016-06-24</subfield>
    <subfield code="y">BK</subfield>
  </datafield>
  <datafield tag="952" ind1=" " ind2=" ">
    <subfield code="0">0</subfield>
    <subfield code="1">0</subfield>
    <subfield code="2">ddc</subfield>
    <subfield code="4">0</subfield>
    <subfield code="7">0</subfield>
    <subfield code="8">CD</subfield>
    <subfield code="a">BPMET</subfield>
    <subfield code="b">BPMET</subfield>
    <subfield code="d">2016-06-24</subfield>
    <subfield code="e">Comisi&#xF3;n Permanente Efem&#xE9;rides Patria</subfield>
    <subfield code="o">BPMSU CD RD868.44 B742o 2009 </subfield>
    <subfield code="p">BPMSU16060546</subfield>
    <subfield code="r">2016-06-24</subfield>
    <subfield code="t">v.9, e.3</subfield>
    <subfield code="w">2016-06-24</subfield>
    <subfield code="y">BK</subfield>
  </datafield>
  <datafield tag="952" ind1=" " ind2=" ">
    <subfield code="0">0</subfield>
    <subfield code="1">0</subfield>
    <subfield code="2">ddc</subfield>
    <subfield code="4">0</subfield>
    <subfield code="7">0</subfield>
    <subfield code="8">CD</subfield>
    <subfield code="a">BPMET</subfield>
    <subfield code="b">BPMET</subfield>
    <subfield code="d">2016-06-24</subfield>
    <subfield code="e">Comisi&#xF3;n Permanente Efem&#xE9;rides Patria</subfield>
    <subfield code="o">BPMSU CD RD868.44 B742o 2009</subfield>
    <subfield code="p">BPMSU16060548</subfield>
    <subfield code="r">2016-06-24</subfield>
    <subfield code="t">v.10</subfield>
    <subfield code="w">2016-06-24</subfield>
    <subfield code="y">BK</subfield>
  </datafield>
  <datafield tag="952" ind1=" " ind2=" ">
    <subfield code="0">0</subfield>
    <subfield code="1">0</subfield>
    <subfield code="2">ddc</subfield>
    <subfield code="4">0</subfield>
    <subfield code="7">0</subfield>
    <subfield code="8">CD</subfield>
    <subfield code="a">BPMET</subfield>
    <subfield code="b">BPMET</subfield>
    <subfield code="d">2016-06-24</subfield>
    <subfield code="e">Comisi&#xF3;n Permanente Efem&#xE9;rides Patria</subfield>
    <subfield code="o">BPMSU CD RD868.44 B742o 2009</subfield>
    <subfield code="p">BPMSU16060549</subfield>
    <subfield code="r">2016-06-24</subfield>
    <subfield code="t"> v.10, e.2</subfield>
    <subfield code="w">2016-06-24</subfield>
    <subfield code="y">BK</subfield>
  </datafield>
  <datafield tag="952" ind1=" " ind2=" ">
    <subfield code="0">0</subfield>
    <subfield code="1">0</subfield>
    <subfield code="2">ddc</subfield>
    <subfield code="4">0</subfield>
    <subfield code="7">0</subfield>
    <subfield code="8">CD</subfield>
    <subfield code="a">BPMET</subfield>
    <subfield code="b">BPMET</subfield>
    <subfield code="d">2016-06-24</subfield>
    <subfield code="e">Comisi&#xF3;n Permanente Efem&#xE9;rides Patria</subfield>
    <subfield code="o">BPMSU CD RD868.44 B742o 2009</subfield>
    <subfield code="p">BPMSU16060550</subfield>
    <subfield code="r">2016-06-24</subfield>
    <subfield code="t">v.10, e.3</subfield>
    <subfield code="w">2016-06-24</subfield>
    <subfield code="y">BK</subfield>
  </datafield>
  <datafield tag="952" ind1=" " ind2=" ">
    <subfield code="0">0</subfield>
    <subfield code="1">0</subfield>
    <subfield code="2">ddc</subfield>
    <subfield code="4">0</subfield>
    <subfield code="7">0</subfield>
    <subfield code="8">CD</subfield>
    <subfield code="a">BPMET</subfield>
    <subfield code="b">BPMET</subfield>
    <subfield code="d">2016-06-24</subfield>
    <subfield code="e">Comisi&#xF3;n Permanente Efem&#xE9;rides Patria</subfield>
    <subfield code="o">BPMSU CD RD868.44 B742o 2009</subfield>
    <subfield code="p">BPMSU16060551</subfield>
    <subfield code="r">2016-06-24</subfield>
    <subfield code="t"> v.11</subfield>
    <subfield code="w">2016-06-24</subfield>
    <subfield code="y">BK</subfield>
  </datafield>
  <datafield tag="952" ind1=" " ind2=" ">
    <subfield code="0">0</subfield>
    <subfield code="1">0</subfield>
    <subfield code="2">ddc</subfield>
    <subfield code="4">0</subfield>
    <subfield code="7">0</subfield>
    <subfield code="8">CD</subfield>
    <subfield code="a">BPMET</subfield>
    <subfield code="b">BPMET</subfield>
    <subfield code="d">2016-06-24</subfield>
    <subfield code="e">Comisi&#xF3;n Permanente Efem&#xE9;rides Patria</subfield>
    <subfield code="o">BPMSU CD RD868.44 B742o 2009</subfield>
    <subfield code="p">BPMSU16060552</subfield>
    <subfield code="r">2016-06-24</subfield>
    <subfield code="t">v.11, e.2</subfield>
    <subfield code="w">2016-06-24</subfield>
    <subfield code="y">BK</subfield>
  </datafield>
  <datafield tag="952" ind1=" " ind2=" ">
    <subfield code="0">0</subfield>
    <subfield code="1">0</subfield>
    <subfield code="2">ddc</subfield>
    <subfield code="4">0</subfield>
    <subfield code="7">0</subfield>
    <subfield code="8">CD</subfield>
    <subfield code="a">BPMET</subfield>
    <subfield code="b">BPMET</subfield>
    <subfield code="d">2016-06-24</subfield>
    <subfield code="e">Comisi&#xF3;n Permanente Efem&#xE9;rides Patria</subfield>
    <subfield code="o">BPMSU CD RD868.44 B742o 2009</subfield>
    <subfield code="p">BPMSU16060553</subfield>
    <subfield code="r">2016-06-24</subfield>
    <subfield code="t">v.11, e.3</subfield>
    <subfield code="w">2016-06-24</subfield>
    <subfield code="y">BK</subfield>
  </datafield>
  <datafield tag="952" ind1=" " ind2=" ">
    <subfield code="0">0</subfield>
    <subfield code="1">0</subfield>
    <subfield code="2">ddc</subfield>
    <subfield code="4">0</subfield>
    <subfield code="7">0</subfield>
    <subfield code="8">CD</subfield>
    <subfield code="a">BPMET</subfield>
    <subfield code="b">BPMET</subfield>
    <subfield code="d">2016-06-24</subfield>
    <subfield code="e">Comisi&#xF3;n Permanente Efem&#xE9;rides Patria</subfield>
    <subfield code="o">BPMSU CD RD868.44 B742o 2009</subfield>
    <subfield code="p">BPMSU16060554</subfield>
    <subfield code="r">2016-06-24</subfield>
    <subfield code="t">v.12</subfield>
    <subfield code="w">2016-06-24</subfield>
    <subfield code="y">BK</subfield>
  </datafield>
  <datafield tag="952" ind1=" " ind2=" ">
    <subfield code="0">0</subfield>
    <subfield code="1">0</subfield>
    <subfield code="2">ddc</subfield>
    <subfield code="4">0</subfield>
    <subfield code="7">0</subfield>
    <subfield code="8">CD</subfield>
    <subfield code="a">BPMET</subfield>
    <subfield code="b">BPMET</subfield>
    <subfield code="d">2016-06-24</subfield>
    <subfield code="e">Comisi&#xF3;n Permanente Efem&#xE9;rides Patria</subfield>
    <subfield code="o">BPMSU CD RD868.44 B742o 2009</subfield>
    <subfield code="p">BPMSU16060555</subfield>
    <subfield code="r">2016-06-24</subfield>
    <subfield code="t"> v.12, e.2</subfield>
    <subfield code="w">2016-06-24</subfield>
    <subfield code="y">BK</subfield>
  </datafield>
  <datafield tag="952" ind1=" " ind2=" ">
    <subfield code="0">0</subfield>
    <subfield code="1">0</subfield>
    <subfield code="2">ddc</subfield>
    <subfield code="4">0</subfield>
    <subfield code="7">0</subfield>
    <subfield code="8">CD</subfield>
    <subfield code="a">BPMET</subfield>
    <subfield code="b">BPMET</subfield>
    <subfield code="d">2016-06-24</subfield>
    <subfield code="e">Comisi&#xF3;n Permanente Efem&#xE9;rides Patria</subfield>
    <subfield code="o">BPMSU CD RD868.44 B742o 2009</subfield>
    <subfield code="p">BPMSU16060556</subfield>
    <subfield code="r">2016-06-24</subfield>
    <subfield code="t">v.12, e.3</subfield>
    <subfield code="w">2016-06-24</subfield>
    <subfield code="y">BK</subfield>
  </datafield>
  <datafield tag="952" ind1=" " ind2=" ">
    <subfield code="0">0</subfield>
    <subfield code="1">0</subfield>
    <subfield code="2">ddc</subfield>
    <subfield code="4">0</subfield>
    <subfield code="7">0</subfield>
    <subfield code="8">CD</subfield>
    <subfield code="a">BPMET</subfield>
    <subfield code="b">BPMET</subfield>
    <subfield code="d">2016-06-24</subfield>
    <subfield code="e">Comisi&#xF3;n Permanente Efem&#xE9;rides Patria</subfield>
    <subfield code="o">BPMSU CD RD868.44 B742o 2009   </subfield>
    <subfield code="p">BPMSU16060557</subfield>
    <subfield code="r">2016-06-24</subfield>
    <subfield code="t">v.13</subfield>
    <subfield code="w">2016-06-24</subfield>
    <subfield code="y">BK</subfield>
  </datafield>
  <datafield tag="952" ind1=" " ind2=" ">
    <subfield code="0">0</subfield>
    <subfield code="1">0</subfield>
    <subfield code="2">ddc</subfield>
    <subfield code="4">0</subfield>
    <subfield code="7">0</subfield>
    <subfield code="8">CD</subfield>
    <subfield code="a">BPMET</subfield>
    <subfield code="b">BPMET</subfield>
    <subfield code="d">2016-06-24</subfield>
    <subfield code="e">Comisi&#xF3;n Permanente Efem&#xE9;rides Patria</subfield>
    <subfield code="o">BPMSU CD RD868.44 B742o 2009</subfield>
    <subfield code="p">BPMSU16060559</subfield>
    <subfield code="r">2016-06-24</subfield>
    <subfield code="t"> v.13, e.2</subfield>
    <subfield code="w">2016-06-24</subfield>
    <subfield code="y">BK</subfield>
  </datafield>
  <datafield tag="952" ind1=" " ind2=" ">
    <subfield code="0">0</subfield>
    <subfield code="1">0</subfield>
    <subfield code="2">ddc</subfield>
    <subfield code="4">0</subfield>
    <subfield code="7">0</subfield>
    <subfield code="8">CD</subfield>
    <subfield code="a">BPMET</subfield>
    <subfield code="b">BPMET</subfield>
    <subfield code="d">2016-06-27</subfield>
    <subfield code="e">Comisi&#xF3;n Permanente Efem&#xE9;rides Patria</subfield>
    <subfield code="o">BPMSU CD RD868.44 B742o 2009</subfield>
    <subfield code="p">BPMSU16060614</subfield>
    <subfield code="r">2016-06-27</subfield>
    <subfield code="t">v.13, e.3</subfield>
    <subfield code="w">2016-06-27</subfield>
    <subfield code="y">BK</subfield>
  </datafield>
  <datafield tag="952" ind1=" " ind2=" ">
    <subfield code="0">0</subfield>
    <subfield code="1">0</subfield>
    <subfield code="2">ddc</subfield>
    <subfield code="4">0</subfield>
    <subfield code="7">0</subfield>
    <subfield code="8">CD</subfield>
    <subfield code="a">BPMET</subfield>
    <subfield code="b">BPMET</subfield>
    <subfield code="d">2016-06-27</subfield>
    <subfield code="e">Comisi&#xF3;n Permanente Efem&#xE9;rides Patria</subfield>
    <subfield code="o">BPMSU CD RD868.44 B742o 2009</subfield>
    <subfield code="p">BPMSU16060615</subfield>
    <subfield code="r">2016-06-27</subfield>
    <subfield code="t">v.14 </subfield>
    <subfield code="w">2016-06-27</subfield>
    <subfield code="y">BK</subfield>
  </datafield>
  <datafield tag="952" ind1=" " ind2=" ">
    <subfield code="0">0</subfield>
    <subfield code="1">0</subfield>
    <subfield code="2">ddc</subfield>
    <subfield code="4">0</subfield>
    <subfield code="7">0</subfield>
    <subfield code="8">CD</subfield>
    <subfield code="a">BPMET</subfield>
    <subfield code="b">BPMET</subfield>
    <subfield code="d">2016-06-27</subfield>
    <subfield code="e">Comisi&#xF3;n Permanente Efem&#xE9;rides Patria</subfield>
    <subfield code="o">BPMSU CD RD868.44 B742o 2009</subfield>
    <subfield code="p">BPMSU16060616</subfield>
    <subfield code="r">2016-06-27</subfield>
    <subfield code="t">v.14, e.2</subfield>
    <subfield code="w">2016-06-27</subfield>
    <subfield code="y">BK</subfield>
  </datafield>
  <datafield tag="952" ind1=" " ind2=" ">
    <subfield code="0">0</subfield>
    <subfield code="1">0</subfield>
    <subfield code="2">ddc</subfield>
    <subfield code="4">0</subfield>
    <subfield code="7">0</subfield>
    <subfield code="8">CD</subfield>
    <subfield code="a">BPMET</subfield>
    <subfield code="b">BPMET</subfield>
    <subfield code="d">2016-06-27</subfield>
    <subfield code="e">Comisi&#xF3;n Permanente Efem&#xE9;rides Patria</subfield>
    <subfield code="o">BPMSU CD RD868.44 B742o 2009</subfield>
    <subfield code="p">BPMSU16060617</subfield>
    <subfield code="r">2016-06-27</subfield>
    <subfield code="t">v.14, e.3</subfield>
    <subfield code="w">2016-06-27</subfield>
    <subfield code="y">BK</subfield>
  </datafield>
  <datafield tag="952" ind1=" " ind2=" ">
    <subfield code="0">0</subfield>
    <subfield code="1">0</subfield>
    <subfield code="2">ddc</subfield>
    <subfield code="4">0</subfield>
    <subfield code="7">0</subfield>
    <subfield code="8">CD</subfield>
    <subfield code="a">BPMET</subfield>
    <subfield code="b">BPMET</subfield>
    <subfield code="d">2016-06-27</subfield>
    <subfield code="e">Comisi&#xF3;n Permanente Efem&#xE9;rides Patria</subfield>
    <subfield code="o">BPMSU CD RD868.44 B742o 2009</subfield>
    <subfield code="p">BPMSU16060618</subfield>
    <subfield code="r">2016-06-27</subfield>
    <subfield code="t">v.15</subfield>
    <subfield code="w">2016-06-27</subfield>
    <subfield code="y">BK</subfield>
  </datafield>
  <datafield tag="952" ind1=" " ind2=" ">
    <subfield code="0">0</subfield>
    <subfield code="1">0</subfield>
    <subfield code="2">ddc</subfield>
    <subfield code="4">0</subfield>
    <subfield code="7">0</subfield>
    <subfield code="8">CD</subfield>
    <subfield code="a">BPMET</subfield>
    <subfield code="b">BPMET</subfield>
    <subfield code="d">2016-06-27</subfield>
    <subfield code="e">Comisi&#xF3;n Permanente Efem&#xE9;rides Patria</subfield>
    <subfield code="o">BPMSU CD RD868.44 B742o 2009</subfield>
    <subfield code="p">BPMSU16060619</subfield>
    <subfield code="r">2016-06-27</subfield>
    <subfield code="t">v.15, e. 2</subfield>
    <subfield code="w">2016-06-27</subfield>
    <subfield code="y">BK</subfield>
  </datafield>
  <datafield tag="952" ind1=" " ind2=" ">
    <subfield code="0">0</subfield>
    <subfield code="1">0</subfield>
    <subfield code="2">ddc</subfield>
    <subfield code="4">0</subfield>
    <subfield code="7">0</subfield>
    <subfield code="8">CD</subfield>
    <subfield code="a">BPMET</subfield>
    <subfield code="b">BPMET</subfield>
    <subfield code="d">2016-06-27</subfield>
    <subfield code="e">Comisi&#xF3;n Permanente Efem&#xE9;rides Patria</subfield>
    <subfield code="o">BPMSU CD RD868.44 B742o 2009</subfield>
    <subfield code="p">BPMSU16060620</subfield>
    <subfield code="r">2016-06-27</subfield>
    <subfield code="t">v.15, e.3</subfield>
    <subfield code="w">2016-06-27</subfield>
    <subfield code="y">BK</subfield>
  </datafield>
  <datafield tag="952" ind1=" " ind2=" ">
    <subfield code="0">0</subfield>
    <subfield code="1">0</subfield>
    <subfield code="2">ddc</subfield>
    <subfield code="4">0</subfield>
    <subfield code="7">0</subfield>
    <subfield code="8">CD</subfield>
    <subfield code="a">BPMET</subfield>
    <subfield code="b">BPMET</subfield>
    <subfield code="d">2016-06-27</subfield>
    <subfield code="e">Comisi&#xF3;n Permanente Efem&#xE9;rides Patria</subfield>
    <subfield code="o">BPMSU CD RD868.44 B742o 2009</subfield>
    <subfield code="p">BPMSU16060628</subfield>
    <subfield code="r">2016-06-27</subfield>
    <subfield code="t">v.16</subfield>
    <subfield code="w">2016-06-27</subfield>
    <subfield code="y">BK</subfield>
  </datafield>
  <datafield tag="952" ind1=" " ind2=" ">
    <subfield code="0">0</subfield>
    <subfield code="1">0</subfield>
    <subfield code="2">ddc</subfield>
    <subfield code="4">0</subfield>
    <subfield code="7">0</subfield>
    <subfield code="8">CD</subfield>
    <subfield code="a">BPMET</subfield>
    <subfield code="b">BPMET</subfield>
    <subfield code="d">2016-06-27</subfield>
    <subfield code="e">Comisi&#xF3;n Permanente Efem&#xE9;rides Patria</subfield>
    <subfield code="o">BPMSU CD RD868.44 B742o 2009</subfield>
    <subfield code="p">BPMSU16060629</subfield>
    <subfield code="r">2016-06-27</subfield>
    <subfield code="t">v.16, e.2</subfield>
    <subfield code="w">2016-06-27</subfield>
    <subfield code="y">BK</subfield>
  </datafield>
  <datafield tag="952" ind1=" " ind2=" ">
    <subfield code="0">0</subfield>
    <subfield code="1">0</subfield>
    <subfield code="2">ddc</subfield>
    <subfield code="4">0</subfield>
    <subfield code="7">0</subfield>
    <subfield code="8">CD</subfield>
    <subfield code="a">BPMET</subfield>
    <subfield code="b">BPMET</subfield>
    <subfield code="d">2016-06-27</subfield>
    <subfield code="e">Comisi&#xF3;n Permanente Efem&#xE9;rides Patria</subfield>
    <subfield code="o">BPMSU CD RD868.44 B742o 2009</subfield>
    <subfield code="p">BPMSU16060630</subfield>
    <subfield code="r">2016-06-27</subfield>
    <subfield code="t">v.16, e.3</subfield>
    <subfield code="w">2016-06-27</subfield>
    <subfield code="y">BK</subfield>
  </datafield>
  <datafield tag="952" ind1=" " ind2=" ">
    <subfield code="0">0</subfield>
    <subfield code="1">0</subfield>
    <subfield code="2">ddc</subfield>
    <subfield code="4">0</subfield>
    <subfield code="7">0</subfield>
    <subfield code="8">CD</subfield>
    <subfield code="a">BPMET</subfield>
    <subfield code="b">BPMET</subfield>
    <subfield code="d">2016-06-27</subfield>
    <subfield code="e">Comisi&#xF3;n Permanente Efem&#xE9;rides Patria</subfield>
    <subfield code="o">BPMSU CD RD868.44 B742o 2009</subfield>
    <subfield code="p">BPMSU16060631</subfield>
    <subfield code="r">2016-06-27</subfield>
    <subfield code="t"> v.17, e. 2</subfield>
    <subfield code="w">2016-06-27</subfield>
    <subfield code="y">BK</subfield>
  </datafield>
  <datafield tag="952" ind1=" " ind2=" ">
    <subfield code="0">0</subfield>
    <subfield code="1">0</subfield>
    <subfield code="2">ddc</subfield>
    <subfield code="4">0</subfield>
    <subfield code="7">0</subfield>
    <subfield code="8">CD</subfield>
    <subfield code="a">BPMET</subfield>
    <subfield code="b">BPMET</subfield>
    <subfield code="d">2016-06-27</subfield>
    <subfield code="e">Comisi&#xF3;n Permanente Efem&#xE9;rides Patria</subfield>
    <subfield code="o">BPMSU CD RD868.44 B742o 2009</subfield>
    <subfield code="p">BPMSU16060632</subfield>
    <subfield code="r">2016-06-27</subfield>
    <subfield code="t">v.17</subfield>
    <subfield code="w">2016-06-27</subfield>
    <subfield code="y">BK</subfield>
  </datafield>
  <datafield tag="952" ind1=" " ind2=" ">
    <subfield code="0">0</subfield>
    <subfield code="1">0</subfield>
    <subfield code="2">ddc</subfield>
    <subfield code="4">0</subfield>
    <subfield code="7">0</subfield>
    <subfield code="8">CD</subfield>
    <subfield code="a">BPMET</subfield>
    <subfield code="b">BPMET</subfield>
    <subfield code="d">2016-06-27</subfield>
    <subfield code="e">Comisi&#xF3;n Permanente Efem&#xE9;rides Patria</subfield>
    <subfield code="o">BPMSU CD RD868.44 B742o 2009</subfield>
    <subfield code="p">BPMSU16060633</subfield>
    <subfield code="r">2016-06-27</subfield>
    <subfield code="t">v.17, e.3</subfield>
    <subfield code="w">2016-06-27</subfield>
    <subfield code="y">BK</subfield>
  </datafield>
  <datafield tag="952" ind1=" " ind2=" ">
    <subfield code="0">0</subfield>
    <subfield code="1">0</subfield>
    <subfield code="2">ddc</subfield>
    <subfield code="4">0</subfield>
    <subfield code="7">0</subfield>
    <subfield code="8">CD</subfield>
    <subfield code="a">BPMET</subfield>
    <subfield code="b">BPMET</subfield>
    <subfield code="d">2016-06-27</subfield>
    <subfield code="e">Comisi&#xF3;n Permanente Efem&#xE9;rides Patria</subfield>
    <subfield code="o">BPMSU CD RD868.44 B742o 2009</subfield>
    <subfield code="p">BPMSU16060634</subfield>
    <subfield code="r">2016-06-27</subfield>
    <subfield code="t">v.18</subfield>
    <subfield code="w">2016-06-27</subfield>
    <subfield code="y">BK</subfield>
  </datafield>
  <datafield tag="952" ind1=" " ind2=" ">
    <subfield code="0">0</subfield>
    <subfield code="1">0</subfield>
    <subfield code="2">ddc</subfield>
    <subfield code="4">0</subfield>
    <subfield code="7">0</subfield>
    <subfield code="8">CD</subfield>
    <subfield code="a">BPMET</subfield>
    <subfield code="b">BPMET</subfield>
    <subfield code="d">2016-06-27</subfield>
    <subfield code="e">Comisi&#xF3;n Permanente Efem&#xE9;rides Patria</subfield>
    <subfield code="o">BPMSU CD RD868.44 B742o 2009</subfield>
    <subfield code="p">BPMSU16060635</subfield>
    <subfield code="r">2016-06-27</subfield>
    <subfield code="t">v.18, e.2</subfield>
    <subfield code="w">2016-06-27</subfield>
    <subfield code="y">BK</subfield>
  </datafield>
  <datafield tag="952" ind1=" " ind2=" ">
    <subfield code="0">0</subfield>
    <subfield code="1">0</subfield>
    <subfield code="2">ddc</subfield>
    <subfield code="4">0</subfield>
    <subfield code="7">0</subfield>
    <subfield code="8">CD</subfield>
    <subfield code="a">BPMET</subfield>
    <subfield code="b">BPMET</subfield>
    <subfield code="d">2016-06-27</subfield>
    <subfield code="e">Comisi&#xF3;n Permanente Efem&#xE9;rides Patria</subfield>
    <subfield code="o">BPMSU CD RD868.44 B742o 2009</subfield>
    <subfield code="p">BPMSU16060636</subfield>
    <subfield code="r">2016-06-27</subfield>
    <subfield code="t">v.18, e.3</subfield>
    <subfield code="w">2016-06-27</subfield>
    <subfield code="y">BK</subfield>
  </datafield>
  <datafield tag="952" ind1=" " ind2=" ">
    <subfield code="0">0</subfield>
    <subfield code="1">0</subfield>
    <subfield code="2">ddc</subfield>
    <subfield code="4">0</subfield>
    <subfield code="7">0</subfield>
    <subfield code="8">CD</subfield>
    <subfield code="a">BPMET</subfield>
    <subfield code="b">BPMET</subfield>
    <subfield code="d">2016-06-27</subfield>
    <subfield code="e">Comisi&#xF3;n Permanente Efem&#xE9;rides Patria</subfield>
    <subfield code="o">BPMSU CD RD868.44 B742o 2009</subfield>
    <subfield code="p">BPMSU16060637</subfield>
    <subfield code="r">2016-06-27</subfield>
    <subfield code="t"> v.19</subfield>
    <subfield code="w">2016-06-27</subfield>
    <subfield code="y">BK</subfield>
  </datafield>
  <datafield tag="952" ind1=" " ind2=" ">
    <subfield code="0">0</subfield>
    <subfield code="1">0</subfield>
    <subfield code="2">ddc</subfield>
    <subfield code="4">0</subfield>
    <subfield code="7">0</subfield>
    <subfield code="8">CD</subfield>
    <subfield code="a">BPMET</subfield>
    <subfield code="b">BPMET</subfield>
    <subfield code="d">2016-06-27</subfield>
    <subfield code="e">Comisi&#xF3;n Permanente Efem&#xE9;rides Patria</subfield>
    <subfield code="o">BPMSU CD RD868.44 B742o 2009</subfield>
    <subfield code="p">BPMSU16060638</subfield>
    <subfield code="r">2016-06-27</subfield>
    <subfield code="t">v.19, e.2</subfield>
    <subfield code="w">2016-06-27</subfield>
    <subfield code="y">BK</subfield>
  </datafield>
  <datafield tag="952" ind1=" " ind2=" ">
    <subfield code="0">0</subfield>
    <subfield code="1">0</subfield>
    <subfield code="2">ddc</subfield>
    <subfield code="4">0</subfield>
    <subfield code="7">0</subfield>
    <subfield code="8">CD</subfield>
    <subfield code="a">BPMET</subfield>
    <subfield code="b">BPMET</subfield>
    <subfield code="d">2016-06-27</subfield>
    <subfield code="e">Comisi&#xF3;n Permanente Efem&#xE9;rides Patria</subfield>
    <subfield code="o">BPMSU CD RD868.44 B742o 2009</subfield>
    <subfield code="p">BPMSU16060639</subfield>
    <subfield code="r">2016-06-27</subfield>
    <subfield code="t">v.19, e.3</subfield>
    <subfield code="w">2016-06-27</subfield>
    <subfield code="y">BK</subfield>
  </datafield>
  <datafield tag="952" ind1=" " ind2=" ">
    <subfield code="0">0</subfield>
    <subfield code="1">0</subfield>
    <subfield code="2">ddc</subfield>
    <subfield code="4">0</subfield>
    <subfield code="7">0</subfield>
    <subfield code="8">CD</subfield>
    <subfield code="a">BPMET</subfield>
    <subfield code="b">BPMET</subfield>
    <subfield code="d">2016-06-27</subfield>
    <subfield code="e">Comisi&#xF3;n Permanente Efem&#xE9;rides Patria</subfield>
    <subfield code="o">BPMSU CD RD868.44 B742o 2009</subfield>
    <subfield code="p">BPMSU16060640</subfield>
    <subfield code="r">2016-06-27</subfield>
    <subfield code="t">v. 20</subfield>
    <subfield code="w">2016-06-27</subfield>
    <subfield code="y">BK</subfield>
  </datafield>
  <datafield tag="952" ind1=" " ind2=" ">
    <subfield code="0">0</subfield>
    <subfield code="1">0</subfield>
    <subfield code="2">ddc</subfield>
    <subfield code="4">0</subfield>
    <subfield code="7">0</subfield>
    <subfield code="8">CD</subfield>
    <subfield code="a">BPMET</subfield>
    <subfield code="b">BPMET</subfield>
    <subfield code="d">2016-06-27</subfield>
    <subfield code="e">Comisi&#xF3;n Permanente Efem&#xE9;rides Patria</subfield>
    <subfield code="o">BPMSU CD RD868.44 B742o 2009</subfield>
    <subfield code="p">BPMSU16060641</subfield>
    <subfield code="r">2016-06-27</subfield>
    <subfield code="t">v.20, e.2</subfield>
    <subfield code="w">2016-06-27</subfield>
    <subfield code="y">BK</subfield>
  </datafield>
  <datafield tag="952" ind1=" " ind2=" ">
    <subfield code="0">0</subfield>
    <subfield code="1">0</subfield>
    <subfield code="2">ddc</subfield>
    <subfield code="4">0</subfield>
    <subfield code="7">0</subfield>
    <subfield code="8">CD</subfield>
    <subfield code="a">BPMET</subfield>
    <subfield code="b">BPMET</subfield>
    <subfield code="d">2016-06-27</subfield>
    <subfield code="e">Comisi&#xF3;n Permanente Efem&#xE9;rides Patria</subfield>
    <subfield code="o">BPMSU CD RD868.44 B742o 2009</subfield>
    <subfield code="p">BPMSU16060642</subfield>
    <subfield code="r">2016-06-27</subfield>
    <subfield code="t">v.20, e.3</subfield>
    <subfield code="w">2016-06-27</subfield>
    <subfield code="y">BK</subfield>
  </datafield>
  <datafield tag="952" ind1=" " ind2=" ">
    <subfield code="0">0</subfield>
    <subfield code="1">0</subfield>
    <subfield code="2">ddc</subfield>
    <subfield code="4">0</subfield>
    <subfield code="7">0</subfield>
    <subfield code="8">CD</subfield>
    <subfield code="a">BPMET</subfield>
    <subfield code="b">BPMET</subfield>
    <subfield code="d">2016-06-27</subfield>
    <subfield code="e">Comisi&#xF3;n Permanente Efem&#xE9;rides Patria</subfield>
    <subfield code="o">BPMSU CD RD868.44 B742o 2009</subfield>
    <subfield code="p">BPMSU16060646</subfield>
    <subfield code="r">2016-06-27</subfield>
    <subfield code="t">v. 21</subfield>
    <subfield code="w">2016-06-27</subfield>
    <subfield code="y">BK</subfield>
  </datafield>
  <datafield tag="952" ind1=" " ind2=" ">
    <subfield code="0">0</subfield>
    <subfield code="1">0</subfield>
    <subfield code="2">ddc</subfield>
    <subfield code="4">0</subfield>
    <subfield code="7">0</subfield>
    <subfield code="8">CD</subfield>
    <subfield code="a">BPMET</subfield>
    <subfield code="b">BPMET</subfield>
    <subfield code="d">2016-06-27</subfield>
    <subfield code="e">Comisi&#xF3;n Permanente Efem&#xE9;rides Patria</subfield>
    <subfield code="o">BPMSU CD RD868.44 B742o 2009</subfield>
    <subfield code="p">BPMSU16060647</subfield>
    <subfield code="r">2016-06-27</subfield>
    <subfield code="t">v. 21, e. 2</subfield>
    <subfield code="w">2016-06-27</subfield>
    <subfield code="y">BK</subfield>
  </datafield>
  <datafield tag="952" ind1=" " ind2=" ">
    <subfield code="0">0</subfield>
    <subfield code="1">0</subfield>
    <subfield code="2">ddc</subfield>
    <subfield code="4">0</subfield>
    <subfield code="7">0</subfield>
    <subfield code="8">CD</subfield>
    <subfield code="a">BPMET</subfield>
    <subfield code="b">BPMET</subfield>
    <subfield code="d">2016-06-27</subfield>
    <subfield code="e">Comisi&#xF3;n Permanente Efem&#xE9;rides Patria</subfield>
    <subfield code="o">BPMSU CD RD868.44 B742o 2009</subfield>
    <subfield code="p">BPMSU16060648</subfield>
    <subfield code="r">2016-06-27</subfield>
    <subfield code="t">v.21, e.3</subfield>
    <subfield code="w">2016-06-27</subfield>
    <subfield code="y">BK</subfield>
  </datafield>
  <datafield tag="952" ind1=" " ind2=" ">
    <subfield code="0">0</subfield>
    <subfield code="1">0</subfield>
    <subfield code="2">ddc</subfield>
    <subfield code="4">0</subfield>
    <subfield code="7">0</subfield>
    <subfield code="8">CD</subfield>
    <subfield code="a">BPMET</subfield>
    <subfield code="b">BPMET</subfield>
    <subfield code="d">2016-06-27</subfield>
    <subfield code="e">Comisi&#xF3;n Permanente Efem&#xE9;rides Patria</subfield>
    <subfield code="o">BPMSU CD RD868.44 B742o 2009</subfield>
    <subfield code="p">BPMSU16060649</subfield>
    <subfield code="r">2016-06-27</subfield>
    <subfield code="t"> v. 22. </subfield>
    <subfield code="w">2016-06-27</subfield>
    <subfield code="y">BK</subfield>
  </datafield>
  <datafield tag="952" ind1=" " ind2=" ">
    <subfield code="0">0</subfield>
    <subfield code="1">0</subfield>
    <subfield code="2">ddc</subfield>
    <subfield code="4">0</subfield>
    <subfield code="7">0</subfield>
    <subfield code="8">CD</subfield>
    <subfield code="a">BPMET</subfield>
    <subfield code="b">BPMET</subfield>
    <subfield code="d">2016-06-27</subfield>
    <subfield code="e">Comisi&#xF3;n Permanente Efem&#xE9;rides Patria</subfield>
    <subfield code="o">BPMSU CD RD868.44 B742o 2009</subfield>
    <subfield code="p">BPMSU16060650</subfield>
    <subfield code="r">2016-06-27</subfield>
    <subfield code="t"> v. 22, e. 2</subfield>
    <subfield code="w">2016-06-27</subfield>
    <subfield code="y">BK</subfield>
  </datafield>
  <datafield tag="952" ind1=" " ind2=" ">
    <subfield code="0">0</subfield>
    <subfield code="1">0</subfield>
    <subfield code="2">ddc</subfield>
    <subfield code="4">0</subfield>
    <subfield code="7">0</subfield>
    <subfield code="a">BPMET</subfield>
    <subfield code="b">BPMET</subfield>
    <subfield code="d">2016-06-27</subfield>
    <subfield code="e">Comisi&#xF3;n Permanente Efem&#xE9;rides Patria</subfield>
    <subfield code="o">BPMSU CD RD868.44 B742o 2009</subfield>
    <subfield code="p">BPMSU16060651</subfield>
    <subfield code="r">2016-06-27</subfield>
    <subfield code="t">v. 22, e.3</subfield>
    <subfield code="w">2016-06-27</subfield>
    <subfield code="y">BK</subfield>
  </datafield>
  <datafield tag="952" ind1=" " ind2=" ">
    <subfield code="0">0</subfield>
    <subfield code="1">0</subfield>
    <subfield code="2">ddc</subfield>
    <subfield code="4">0</subfield>
    <subfield code="7">0</subfield>
    <subfield code="8">CD</subfield>
    <subfield code="a">BPMET</subfield>
    <subfield code="b">BPMET</subfield>
    <subfield code="d">2016-06-27</subfield>
    <subfield code="e">Comisi&#xF3;n Permanente Efem&#xE9;rides Patria</subfield>
    <subfield code="o">BPMSU CD RD868.44 B742o 2009</subfield>
    <subfield code="p">BPMSU16060656</subfield>
    <subfield code="r">2016-06-27</subfield>
    <subfield code="t">v. 23</subfield>
    <subfield code="w">2016-06-27</subfield>
    <subfield code="y">BK</subfield>
  </datafield>
  <datafield tag="952" ind1=" " ind2=" ">
    <subfield code="0">0</subfield>
    <subfield code="1">0</subfield>
    <subfield code="2">ddc</subfield>
    <subfield code="4">0</subfield>
    <subfield code="7">0</subfield>
    <subfield code="8">CD</subfield>
    <subfield code="a">BPMET</subfield>
    <subfield code="b">BPMET</subfield>
    <subfield code="d">2016-06-27</subfield>
    <subfield code="e">Comisi&#xF3;n Permanente Efem&#xE9;rides Patria</subfield>
    <subfield code="o">BPMSU CD RD868.44 B742o 2009</subfield>
    <subfield code="p">BPMSU16060657</subfield>
    <subfield code="r">2016-06-27</subfield>
    <subfield code="t">v. 23, e.2</subfield>
    <subfield code="w">2016-06-27</subfield>
    <subfield code="y">BK</subfield>
  </datafield>
  <datafield tag="952" ind1=" " ind2=" ">
    <subfield code="0">0</subfield>
    <subfield code="1">0</subfield>
    <subfield code="2">ddc</subfield>
    <subfield code="4">0</subfield>
    <subfield code="7">0</subfield>
    <subfield code="8">CD</subfield>
    <subfield code="a">BPMET</subfield>
    <subfield code="b">BPMET</subfield>
    <subfield code="d">2016-06-27</subfield>
    <subfield code="e">Comisi&#xF3;n Permanente Efem&#xE9;rides Patria</subfield>
    <subfield code="o">BPMSU CD RD868.44 B742o 2009</subfield>
    <subfield code="p">BPMSU16060658</subfield>
    <subfield code="r">2016-06-27</subfield>
    <subfield code="t">v. 23, e.3</subfield>
    <subfield code="w">2016-06-27</subfield>
    <subfield code="y">BK</subfield>
  </datafield>
  <datafield tag="952" ind1=" " ind2=" ">
    <subfield code="0">0</subfield>
    <subfield code="1">0</subfield>
    <subfield code="2">ddc</subfield>
    <subfield code="4">0</subfield>
    <subfield code="7">0</subfield>
    <subfield code="8">CD</subfield>
    <subfield code="a">BPMET</subfield>
    <subfield code="b">BPMET</subfield>
    <subfield code="d">2016-06-27</subfield>
    <subfield code="e">Comisi&#xF3;n Permanente Efem&#xE9;rides Patria</subfield>
    <subfield code="o">BPMSU CD RD868.44 B742o 2009</subfield>
    <subfield code="p">BPMSU16060659</subfield>
    <subfield code="r">2016-06-27</subfield>
    <subfield code="t">v. 24</subfield>
    <subfield code="w">2016-06-27</subfield>
    <subfield code="y">BK</subfield>
  </datafield>
  <datafield tag="952" ind1=" " ind2=" ">
    <subfield code="0">0</subfield>
    <subfield code="1">0</subfield>
    <subfield code="2">ddc</subfield>
    <subfield code="4">0</subfield>
    <subfield code="7">0</subfield>
    <subfield code="8">CD</subfield>
    <subfield code="a">BPMET</subfield>
    <subfield code="b">BPMET</subfield>
    <subfield code="d">2016-06-27</subfield>
    <subfield code="e">Comisi&#xF3;n Permanente Efem&#xE9;rides Patria</subfield>
    <subfield code="o">BPMSU CD RD868.44 B742o 2009</subfield>
    <subfield code="p">BPMSU16060660</subfield>
    <subfield code="r">2016-06-27</subfield>
    <subfield code="t">V.24, e.2</subfield>
    <subfield code="w">2016-06-27</subfield>
    <subfield code="y">BK</subfield>
  </datafield>
  <datafield tag="952" ind1=" " ind2=" ">
    <subfield code="0">0</subfield>
    <subfield code="1">0</subfield>
    <subfield code="2">ddc</subfield>
    <subfield code="4">0</subfield>
    <subfield code="7">0</subfield>
    <subfield code="8">CD</subfield>
    <subfield code="a">BPMET</subfield>
    <subfield code="b">BPMET</subfield>
    <subfield code="d">2016-06-27</subfield>
    <subfield code="e">Comisi&#xF3;n Permanente Efem&#xE9;rides Patria</subfield>
    <subfield code="o">BPMSU CD RD868.44 B742o 2009 </subfield>
    <subfield code="p">BPMSU16060661</subfield>
    <subfield code="r">2016-06-27</subfield>
    <subfield code="t">v. 24, e.3</subfield>
    <subfield code="w">2016-06-27</subfield>
    <subfield code="y">BK</subfield>
  </datafield>
  <datafield tag="952" ind1=" " ind2=" ">
    <subfield code="0">0</subfield>
    <subfield code="1">0</subfield>
    <subfield code="2">ddc</subfield>
    <subfield code="4">0</subfield>
    <subfield code="7">0</subfield>
    <subfield code="8">CD</subfield>
    <subfield code="a">BPMET</subfield>
    <subfield code="b">BPMET</subfield>
    <subfield code="d">2016-06-27</subfield>
    <subfield code="e">Comisi&#xF3;n Permanente Efem&#xE9;rides Patria</subfield>
    <subfield code="o">BPMSU CD RD868.44 B742o 2009</subfield>
    <subfield code="p">BPMSU16060662</subfield>
    <subfield code="r">2016-06-27</subfield>
    <subfield code="t">v. 25</subfield>
    <subfield code="w">2016-06-27</subfield>
    <subfield code="y">BK</subfield>
  </datafield>
  <datafield tag="952" ind1=" " ind2=" ">
    <subfield code="0">0</subfield>
    <subfield code="1">0</subfield>
    <subfield code="2">ddc</subfield>
    <subfield code="4">0</subfield>
    <subfield code="7">0</subfield>
    <subfield code="8">CD</subfield>
    <subfield code="a">BPMET</subfield>
    <subfield code="b">BPMET</subfield>
    <subfield code="d">2016-06-27</subfield>
    <subfield code="e">Comisi&#xF3;n Permanente Efem&#xE9;rides Patria</subfield>
    <subfield code="o">BPMSU CD RD868.44 B742o 2009</subfield>
    <subfield code="p">BPMSU16060663</subfield>
    <subfield code="r">2016-06-27</subfield>
    <subfield code="t">v. 25, e. 2</subfield>
    <subfield code="w">2016-06-27</subfield>
    <subfield code="y">BK</subfield>
  </datafield>
  <datafield tag="952" ind1=" " ind2=" ">
    <subfield code="0">0</subfield>
    <subfield code="1">0</subfield>
    <subfield code="2">ddc</subfield>
    <subfield code="4">0</subfield>
    <subfield code="7">0</subfield>
    <subfield code="8">CD</subfield>
    <subfield code="a">BPMET</subfield>
    <subfield code="b">BPMET</subfield>
    <subfield code="d">2016-06-29</subfield>
    <subfield code="e">Comisi&#xF3;n Permanente Efem&#xE9;rides Patria</subfield>
    <subfield code="o">BPMSU CD RD868.44 B742o 2009</subfield>
    <subfield code="p">BPMSU16060731</subfield>
    <subfield code="r">2016-06-29</subfield>
    <subfield code="t">v.25, e.3</subfield>
    <subfield code="w">2016-06-29</subfield>
    <subfield code="y">BK</subfield>
  </datafield>
  <datafield tag="952" ind1=" " ind2=" ">
    <subfield code="0">0</subfield>
    <subfield code="1">0</subfield>
    <subfield code="2">ddc</subfield>
    <subfield code="4">0</subfield>
    <subfield code="7">0</subfield>
    <subfield code="8">CD</subfield>
    <subfield code="a">BPMET</subfield>
    <subfield code="b">BPMET</subfield>
    <subfield code="d">2016-06-29</subfield>
    <subfield code="e">Comisi&#xF3;n Permanente Efem&#xE9;rides Patria</subfield>
    <subfield code="o">BPMSU CD RD868.44 B742o 2009</subfield>
    <subfield code="p">BPMSU6060687</subfield>
    <subfield code="r">2016-06-29</subfield>
    <subfield code="t">v.26</subfield>
    <subfield code="w">2016-06-29</subfield>
    <subfield code="y">BK</subfield>
  </datafield>
  <datafield tag="952" ind1=" " ind2=" ">
    <subfield code="0">0</subfield>
    <subfield code="1">0</subfield>
    <subfield code="2">ddc</subfield>
    <subfield code="4">0</subfield>
    <subfield code="7">0</subfield>
    <subfield code="8">CD</subfield>
    <subfield code="a">BPMET</subfield>
    <subfield code="b">BPMET</subfield>
    <subfield code="d">2016-06-29</subfield>
    <subfield code="e">Comisi&#xF3;n Permanente Efem&#xE9;rides Patria</subfield>
    <subfield code="o">BPMSU CD RD868.44 B742o 2009</subfield>
    <subfield code="p">BPMSU16060688</subfield>
    <subfield code="r">2016-06-29</subfield>
    <subfield code="t">v.26. e.2</subfield>
    <subfield code="w">2016-06-29</subfield>
    <subfield code="y">BK</subfield>
  </datafield>
  <datafield tag="952" ind1=" " ind2=" ">
    <subfield code="0">0</subfield>
    <subfield code="1">0</subfield>
    <subfield code="2">ddc</subfield>
    <subfield code="4">0</subfield>
    <subfield code="7">0</subfield>
    <subfield code="8">CD</subfield>
    <subfield code="a">BPMET</subfield>
    <subfield code="b">BPMET</subfield>
    <subfield code="d">2016-06-29</subfield>
    <subfield code="e">Comisi&#xF3;n Permanente Efem&#xE9;rides Patria</subfield>
    <subfield code="o">BPMSU CD RD868.44 B742o 2009</subfield>
    <subfield code="p">BPMSU6060731</subfield>
    <subfield code="r">2016-06-29</subfield>
    <subfield code="t">v. 26, e.3</subfield>
    <subfield code="w">2016-06-29</subfield>
    <subfield code="y">BK</subfield>
  </datafield>
  <datafield tag="952" ind1=" " ind2=" ">
    <subfield code="0">0</subfield>
    <subfield code="1">0</subfield>
    <subfield code="2">ddc</subfield>
    <subfield code="4">0</subfield>
    <subfield code="7">0</subfield>
    <subfield code="8">CD</subfield>
    <subfield code="a">BPMET</subfield>
    <subfield code="b">BPMET</subfield>
    <subfield code="d">2016-06-29</subfield>
    <subfield code="e">Comisi&#xF3;n Permanente Efem&#xE9;rides Patria</subfield>
    <subfield code="o">BPMSU CD RD868.44 B742o 2009</subfield>
    <subfield code="p">BPMSU16060730</subfield>
    <subfield code="r">2016-06-29</subfield>
    <subfield code="t">v. 27</subfield>
    <subfield code="w">2016-06-29</subfield>
    <subfield code="y">BK</subfield>
  </datafield>
  <datafield tag="952" ind1=" " ind2=" ">
    <subfield code="0">0</subfield>
    <subfield code="1">0</subfield>
    <subfield code="2">ddc</subfield>
    <subfield code="4">0</subfield>
    <subfield code="7">0</subfield>
    <subfield code="8">CD</subfield>
    <subfield code="a">BPMET</subfield>
    <subfield code="b">BPMET</subfield>
    <subfield code="d">2016-06-29</subfield>
    <subfield code="e">Comisi&#xF3;n Permanente Efem&#xE9;rides Patria</subfield>
    <subfield code="o">BPMSU CD RD868.44 B742o 2009</subfield>
    <subfield code="p">BPMSU16060692</subfield>
    <subfield code="r">2016-06-29</subfield>
    <subfield code="t">v.27, e. 2</subfield>
    <subfield code="w">2016-06-29</subfield>
    <subfield code="y">BK</subfield>
  </datafield>
  <datafield tag="952" ind1=" " ind2=" ">
    <subfield code="0">0</subfield>
    <subfield code="1">0</subfield>
    <subfield code="2">ddc</subfield>
    <subfield code="4">0</subfield>
    <subfield code="7">0</subfield>
    <subfield code="8">CD</subfield>
    <subfield code="a">BPMET</subfield>
    <subfield code="b">BPMET</subfield>
    <subfield code="d">2016-06-29</subfield>
    <subfield code="e">Comisi&#xF3;n Permanente Efem&#xE9;rides Patria</subfield>
    <subfield code="o">BPMSU CD RD868.44 B742o 2009 </subfield>
    <subfield code="p">BPMSU16060693</subfield>
    <subfield code="r">2016-06-29</subfield>
    <subfield code="t">v. 27, e. 3</subfield>
    <subfield code="w">2016-06-29</subfield>
    <subfield code="y">BK</subfield>
  </datafield>
  <datafield tag="952" ind1=" " ind2=" ">
    <subfield code="0">0</subfield>
    <subfield code="1">0</subfield>
    <subfield code="2">ddc</subfield>
    <subfield code="4">0</subfield>
    <subfield code="7">0</subfield>
    <subfield code="8">CD</subfield>
    <subfield code="a">BPMET</subfield>
    <subfield code="b">BPMET</subfield>
    <subfield code="d">2016-06-29</subfield>
    <subfield code="e">Comisi&#xF3;n Permanente Efem&#xE9;rides Patria</subfield>
    <subfield code="o">BPMSU CD RD868.44 B742o 2009</subfield>
    <subfield code="p">BPMSU16060717</subfield>
    <subfield code="r">2016-06-29</subfield>
    <subfield code="t">v. 28</subfield>
    <subfield code="w">2016-06-29</subfield>
    <subfield code="y">BK</subfield>
  </datafield>
  <datafield tag="952" ind1=" " ind2=" ">
    <subfield code="0">0</subfield>
    <subfield code="1">0</subfield>
    <subfield code="2">ddc</subfield>
    <subfield code="4">0</subfield>
    <subfield code="7">0</subfield>
    <subfield code="8">CD</subfield>
    <subfield code="a">BPMET</subfield>
    <subfield code="b">BPMET</subfield>
    <subfield code="d">2016-06-29</subfield>
    <subfield code="e">Comisi&#xF3;n Permanente Efem&#xE9;rides Patria</subfield>
    <subfield code="o">BPMSU CD RD868.44 B742o 2009</subfield>
    <subfield code="p">BPMSU16060695</subfield>
    <subfield code="r">2016-06-29</subfield>
    <subfield code="t">v.28, e.2</subfield>
    <subfield code="w">2016-06-29</subfield>
    <subfield code="y">BK</subfield>
  </datafield>
  <datafield tag="952" ind1=" " ind2=" ">
    <subfield code="0">0</subfield>
    <subfield code="1">0</subfield>
    <subfield code="2">ddc</subfield>
    <subfield code="4">0</subfield>
    <subfield code="7">0</subfield>
    <subfield code="8">CI-D</subfield>
    <subfield code="a">BPMET</subfield>
    <subfield code="b">BPMET</subfield>
    <subfield code="d">2016-06-29</subfield>
    <subfield code="e">Comisi&#xF3;n Permanente Efem&#xE9;rides Patria</subfield>
    <subfield code="o">BPMSU CD RD868.44 B742o 2009</subfield>
    <subfield code="p">BPMSU16060696</subfield>
    <subfield code="r">2016-06-29</subfield>
    <subfield code="t">v.28, e.3</subfield>
    <subfield code="w">2016-06-29</subfield>
    <subfield code="y">BK</subfield>
  </datafield>
  <datafield tag="952" ind1=" " ind2=" ">
    <subfield code="0">0</subfield>
    <subfield code="1">0</subfield>
    <subfield code="2">ddc</subfield>
    <subfield code="4">0</subfield>
    <subfield code="7">0</subfield>
    <subfield code="8">CD</subfield>
    <subfield code="a">BPMET</subfield>
    <subfield code="b">BPMET</subfield>
    <subfield code="d">2016-06-29</subfield>
    <subfield code="e">Comisi&#xF3;n Permanente Efem&#xE9;rides Patria</subfield>
    <subfield code="o">BPMSU CD RD868.44 B742o 2009</subfield>
    <subfield code="p">BPMSU16060697</subfield>
    <subfield code="r">2016-06-29</subfield>
    <subfield code="t"> v.29</subfield>
    <subfield code="w">2016-06-29</subfield>
    <subfield code="y">BK</subfield>
  </datafield>
  <datafield tag="952" ind1=" " ind2=" ">
    <subfield code="0">0</subfield>
    <subfield code="1">0</subfield>
    <subfield code="2">ddc</subfield>
    <subfield code="4">0</subfield>
    <subfield code="7">0</subfield>
    <subfield code="8">CD</subfield>
    <subfield code="a">BPMET</subfield>
    <subfield code="b">BPMET</subfield>
    <subfield code="d">2016-06-29</subfield>
    <subfield code="e">Comisi&#xF3;n Permanente Efem&#xE9;rides Patria</subfield>
    <subfield code="o">BPMSU CD RD868.44 B742o 2009</subfield>
    <subfield code="p">BPMSU16060698</subfield>
    <subfield code="r">2016-06-29</subfield>
    <subfield code="t"> v.29, e.2</subfield>
    <subfield code="w">2016-06-29</subfield>
    <subfield code="y">BK</subfield>
  </datafield>
  <datafield tag="952" ind1=" " ind2=" ">
    <subfield code="0">0</subfield>
    <subfield code="1">0</subfield>
    <subfield code="2">ddc</subfield>
    <subfield code="4">0</subfield>
    <subfield code="7">0</subfield>
    <subfield code="8">CD</subfield>
    <subfield code="a">BPMET</subfield>
    <subfield code="b">BPMET</subfield>
    <subfield code="d">2016-06-29</subfield>
    <subfield code="e">Comisi&#xF3;n Permanente Efem&#xE9;rides Patria</subfield>
    <subfield code="o">BPMSU CD RD868.44 B742o 2009</subfield>
    <subfield code="p">BPMSU16060699</subfield>
    <subfield code="r">2016-06-29</subfield>
    <subfield code="t">v.29, e.3</subfield>
    <subfield code="w">2016-06-29</subfield>
    <subfield code="y">BK</subfield>
  </datafield>
  <datafield tag="952" ind1=" " ind2=" ">
    <subfield code="0">0</subfield>
    <subfield code="1">0</subfield>
    <subfield code="2">ddc</subfield>
    <subfield code="4">0</subfield>
    <subfield code="7">0</subfield>
    <subfield code="8">CD</subfield>
    <subfield code="a">BPMET</subfield>
    <subfield code="b">BPMET</subfield>
    <subfield code="d">2016-06-29</subfield>
    <subfield code="e">Comisi&#xF3;n Permanente Efem&#xE9;rides Patria</subfield>
    <subfield code="o">BPMSU CD RD868.44 B742o 2009</subfield>
    <subfield code="p">BPMSU16060700</subfield>
    <subfield code="r">2016-06-29</subfield>
    <subfield code="t">v.30</subfield>
    <subfield code="w">2016-06-29</subfield>
    <subfield code="y">BK</subfield>
  </datafield>
  <datafield tag="952" ind1=" " ind2=" ">
    <subfield code="0">0</subfield>
    <subfield code="1">0</subfield>
    <subfield code="2">ddc</subfield>
    <subfield code="4">0</subfield>
    <subfield code="7">0</subfield>
    <subfield code="8">CD</subfield>
    <subfield code="a">BPMET</subfield>
    <subfield code="b">BPMET</subfield>
    <subfield code="d">2016-06-29</subfield>
    <subfield code="e">Comisi&#xF3;n Permanente Efem&#xE9;rides Patria</subfield>
    <subfield code="o">BPMSU CD RD868.44 B742o 2009 </subfield>
    <subfield code="p">BPMSU16060701</subfield>
    <subfield code="r">2016-06-29</subfield>
    <subfield code="t">v.30, e.2</subfield>
    <subfield code="w">2016-06-29</subfield>
    <subfield code="y">BK</subfield>
  </datafield>
  <datafield tag="952" ind1=" " ind2=" ">
    <subfield code="0">0</subfield>
    <subfield code="1">0</subfield>
    <subfield code="2">ddc</subfield>
    <subfield code="4">0</subfield>
    <subfield code="7">0</subfield>
    <subfield code="8">CD</subfield>
    <subfield code="a">BPMET</subfield>
    <subfield code="b">BPMET</subfield>
    <subfield code="d">2016-06-29</subfield>
    <subfield code="e">Comisi&#xF3;n Permanente Efem&#xE9;rides Patria</subfield>
    <subfield code="o">BPMSU CD RD868.44 B742o 2009</subfield>
    <subfield code="p">BPMSU16060716</subfield>
    <subfield code="r">2016-06-29</subfield>
    <subfield code="t">v.30, e.3</subfield>
    <subfield code="w">2016-06-29</subfield>
    <subfield code="y">BK</subfield>
  </datafield>
  <datafield tag="952" ind1=" " ind2=" ">
    <subfield code="0">0</subfield>
    <subfield code="1">0</subfield>
    <subfield code="2">ddc</subfield>
    <subfield code="4">0</subfield>
    <subfield code="7">0</subfield>
    <subfield code="8">CD</subfield>
    <subfield code="a">BPMET</subfield>
    <subfield code="b">BPMET</subfield>
    <subfield code="d">2016-06-30</subfield>
    <subfield code="e">Comisi&#xF3;n Permanente Efem&#xE9;rides Patria</subfield>
    <subfield code="o">BPMSU CD RD868.44 B742o 2009</subfield>
    <subfield code="p">BPMSU16060732</subfield>
    <subfield code="r">2016-06-30</subfield>
    <subfield code="t">v.31</subfield>
    <subfield code="w">2016-06-30</subfield>
    <subfield code="y">BK</subfield>
  </datafield>
  <datafield tag="952" ind1=" " ind2=" ">
    <subfield code="0">0</subfield>
    <subfield code="1">0</subfield>
    <subfield code="2">ddc</subfield>
    <subfield code="4">0</subfield>
    <subfield code="7">0</subfield>
    <subfield code="8">CD</subfield>
    <subfield code="a">BPMET</subfield>
    <subfield code="b">BPMET</subfield>
    <subfield code="d">2016-06-30</subfield>
    <subfield code="e">Comisi&#xF3;n Permanente Efem&#xE9;rides Patria</subfield>
    <subfield code="o">BPMSU CD RD868.44 B742o 2009</subfield>
    <subfield code="p">BPMSU16060733</subfield>
    <subfield code="r">2016-06-30</subfield>
    <subfield code="t">v. 31, e. 2</subfield>
    <subfield code="w">2016-06-30</subfield>
    <subfield code="y">BK</subfield>
  </datafield>
  <datafield tag="952" ind1=" " ind2=" ">
    <subfield code="0">0</subfield>
    <subfield code="1">0</subfield>
    <subfield code="2">ddc</subfield>
    <subfield code="4">0</subfield>
    <subfield code="7">0</subfield>
    <subfield code="8">CD</subfield>
    <subfield code="a">BPMET</subfield>
    <subfield code="b">BPMET</subfield>
    <subfield code="d">2016-06-30</subfield>
    <subfield code="e">Comisi&#xF3;n Permanente Efem&#xE9;rides Patria</subfield>
    <subfield code="o">BPMSU CD RD868.44 B742o 2009</subfield>
    <subfield code="p">BPMSU16060734</subfield>
    <subfield code="r">2016-06-30</subfield>
    <subfield code="t">v.31, e. 3</subfield>
    <subfield code="w">2016-06-30</subfield>
    <subfield code="y">BK</subfield>
  </datafield>
  <datafield tag="952" ind1=" " ind2=" ">
    <subfield code="0">0</subfield>
    <subfield code="1">0</subfield>
    <subfield code="2">ddc</subfield>
    <subfield code="4">0</subfield>
    <subfield code="7">0</subfield>
    <subfield code="8">CD</subfield>
    <subfield code="a">BPMET</subfield>
    <subfield code="b">BPMET</subfield>
    <subfield code="d">2016-06-30</subfield>
    <subfield code="e">Comisi&#xF3;n Permanente Efem&#xE9;rides Patria</subfield>
    <subfield code="o">BPMSU CD RD868.44 B742o 2009</subfield>
    <subfield code="p">BPMSU16060735</subfield>
    <subfield code="r">2016-06-30</subfield>
    <subfield code="t">v.32, e.3</subfield>
    <subfield code="w">2016-06-30</subfield>
    <subfield code="y">BK</subfield>
  </datafield>
  <datafield tag="952" ind1=" " ind2=" ">
    <subfield code="0">0</subfield>
    <subfield code="1">0</subfield>
    <subfield code="2">ddc</subfield>
    <subfield code="4">0</subfield>
    <subfield code="7">0</subfield>
    <subfield code="8">CD</subfield>
    <subfield code="a">BPMET</subfield>
    <subfield code="b">BPMET</subfield>
    <subfield code="d">2016-06-30</subfield>
    <subfield code="e">Comisi&#xF3;n Permanente Efem&#xE9;rides Patria</subfield>
    <subfield code="o">BPMSU CD RD868.44 B742o 2009</subfield>
    <subfield code="p">BPMSU16060736</subfield>
    <subfield code="r">2016-06-30</subfield>
    <subfield code="t">v. 32, e. 2</subfield>
    <subfield code="w">2016-06-30</subfield>
    <subfield code="y">BK</subfield>
  </datafield>
  <datafield tag="952" ind1=" " ind2=" ">
    <subfield code="0">0</subfield>
    <subfield code="1">0</subfield>
    <subfield code="2">ddc</subfield>
    <subfield code="4">0</subfield>
    <subfield code="7">0</subfield>
    <subfield code="8">CD</subfield>
    <subfield code="a">BPMET</subfield>
    <subfield code="b">BPMET</subfield>
    <subfield code="d">2016-06-30</subfield>
    <subfield code="e">Comisi&#xF3;n Permanente Efem&#xE9;rides Patria</subfield>
    <subfield code="o">BPMSU CD RD868.44 B742o 2009</subfield>
    <subfield code="p">BPMSU16060737</subfield>
    <subfield code="r">2016-06-30</subfield>
    <subfield code="t">v.32</subfield>
    <subfield code="w">2016-06-30</subfield>
    <subfield code="y">BK</subfield>
  </datafield>
  <datafield tag="952" ind1=" " ind2=" ">
    <subfield code="0">0</subfield>
    <subfield code="1">0</subfield>
    <subfield code="2">ddc</subfield>
    <subfield code="4">0</subfield>
    <subfield code="7">0</subfield>
    <subfield code="8">CD</subfield>
    <subfield code="a">BPMET</subfield>
    <subfield code="b">BPMET</subfield>
    <subfield code="d">2016-06-30</subfield>
    <subfield code="e">Comisi&#xF3;n Permanente Efem&#xE9;rides Patria</subfield>
    <subfield code="l">0</subfield>
    <subfield code="o">RD868.44 B742o </subfield>
    <subfield code="p">BPMSU16060738</subfield>
    <subfield code="r">2016-06-30</subfield>
    <subfield code="t">v. 33</subfield>
    <subfield code="w">2016-06-30</subfield>
    <subfield code="y">BK</subfield>
  </datafield>
  <datafield tag="952" ind1=" " ind2=" ">
    <subfield code="0">0</subfield>
    <subfield code="1">0</subfield>
    <subfield code="2">ddc</subfield>
    <subfield code="4">0</subfield>
    <subfield code="7">0</subfield>
    <subfield code="8">CD</subfield>
    <subfield code="a">BPMET</subfield>
    <subfield code="b">BPMET</subfield>
    <subfield code="d">2016-06-30</subfield>
    <subfield code="e">Comisi&#xF3;n Permanente Efem&#xE9;rides Patria</subfield>
    <subfield code="l">0</subfield>
    <subfield code="o">RD868.44 B742o  </subfield>
    <subfield code="p">BPMSU16060739</subfield>
    <subfield code="r">2016-06-30</subfield>
    <subfield code="t">v. 33, e. 2</subfield>
    <subfield code="w">2016-06-30</subfield>
    <subfield code="y">BK</subfield>
  </datafield>
  <datafield tag="952" ind1=" " ind2=" ">
    <subfield code="0">0</subfield>
    <subfield code="1">0</subfield>
    <subfield code="2">ddc</subfield>
    <subfield code="4">0</subfield>
    <subfield code="7">0</subfield>
    <subfield code="8">CD</subfield>
    <subfield code="a">BPMET</subfield>
    <subfield code="b">BPMET</subfield>
    <subfield code="d">2016-06-30</subfield>
    <subfield code="e">Comisi&#xF3;n Permanente Efem&#xE9;rides Patria</subfield>
    <subfield code="l">0</subfield>
    <subfield code="o">RD868.44 B742o </subfield>
    <subfield code="p">BPMSU16060740</subfield>
    <subfield code="r">2016-06-30</subfield>
    <subfield code="t">v. 33, e. 3</subfield>
    <subfield code="w">2016-06-30</subfield>
    <subfield code="y">BK</subfield>
  </datafield>
  <datafield tag="952" ind1=" " ind2=" ">
    <subfield code="0">0</subfield>
    <subfield code="1">0</subfield>
    <subfield code="2">ddc</subfield>
    <subfield code="4">0</subfield>
    <subfield code="7">0</subfield>
    <subfield code="8">CD</subfield>
    <subfield code="a">BPMET</subfield>
    <subfield code="b">BPMET</subfield>
    <subfield code="d">2016-06-30</subfield>
    <subfield code="e">Comisi&#xF3;n Permanente Efem&#xE9;rides Patria</subfield>
    <subfield code="l">0</subfield>
    <subfield code="o">RD868.44 B742o </subfield>
    <subfield code="p">BPMSU16060743</subfield>
    <subfield code="r">2016-06-30</subfield>
    <subfield code="t">v. 34</subfield>
    <subfield code="w">2016-06-30</subfield>
    <subfield code="y">BK</subfield>
  </datafield>
  <datafield tag="952" ind1=" " ind2=" ">
    <subfield code="0">0</subfield>
    <subfield code="1">0</subfield>
    <subfield code="2">ddc</subfield>
    <subfield code="4">0</subfield>
    <subfield code="7">0</subfield>
    <subfield code="8">CD</subfield>
    <subfield code="a">BPMET</subfield>
    <subfield code="b">BPMET</subfield>
    <subfield code="d">2016-06-30</subfield>
    <subfield code="e">Comisi&#xF3;n Permanente Efem&#xE9;rides Patria</subfield>
    <subfield code="l">0</subfield>
    <subfield code="o">RD868.44 B742o </subfield>
    <subfield code="p">BPMSU16060744</subfield>
    <subfield code="r">2016-06-30</subfield>
    <subfield code="t">v. 34, e. 2</subfield>
    <subfield code="w">2016-06-30</subfield>
    <subfield code="y">BK</subfield>
  </datafield>
  <datafield tag="952" ind1=" " ind2=" ">
    <subfield code="0">0</subfield>
    <subfield code="1">0</subfield>
    <subfield code="2">ddc</subfield>
    <subfield code="4">0</subfield>
    <subfield code="7">0</subfield>
    <subfield code="8">CD</subfield>
    <subfield code="a">BPMET</subfield>
    <subfield code="b">BPMET</subfield>
    <subfield code="d">2016-06-30</subfield>
    <subfield code="e">Comisi&#xF3;n Permanente Efem&#xE9;rides Patria</subfield>
    <subfield code="l">0</subfield>
    <subfield code="o">RD868.44 B742o </subfield>
    <subfield code="p">BPMSU16060745</subfield>
    <subfield code="r">2016-06-30</subfield>
    <subfield code="t">v. 34, e. 3</subfield>
    <subfield code="w">2016-06-30</subfield>
    <subfield code="y">BK</subfield>
  </datafield>
  <datafield tag="952" ind1=" " ind2=" ">
    <subfield code="0">0</subfield>
    <subfield code="1">0</subfield>
    <subfield code="2">ddc</subfield>
    <subfield code="4">0</subfield>
    <subfield code="7">0</subfield>
    <subfield code="8">CD</subfield>
    <subfield code="a">BPMET</subfield>
    <subfield code="b">BPMET</subfield>
    <subfield code="d">2016-06-30</subfield>
    <subfield code="e">Comisi&#xF3;n Permanente Efem&#xE9;rides Patria</subfield>
    <subfield code="l">0</subfield>
    <subfield code="o">RD868.44 B742o</subfield>
    <subfield code="p">BPMSU16060746</subfield>
    <subfield code="r">2016-06-30</subfield>
    <subfield code="t">v. 35</subfield>
    <subfield code="w">2016-06-30</subfield>
    <subfield code="y">BK</subfield>
  </datafield>
  <datafield tag="952" ind1=" " ind2=" ">
    <subfield code="0">0</subfield>
    <subfield code="1">0</subfield>
    <subfield code="2">ddc</subfield>
    <subfield code="4">0</subfield>
    <subfield code="7">0</subfield>
    <subfield code="8">CD</subfield>
    <subfield code="a">BPMET</subfield>
    <subfield code="b">BPMET</subfield>
    <subfield code="d">2016-06-30</subfield>
    <subfield code="e">Comisi&#xF3;n Permanente Efem&#xE9;rides Patria</subfield>
    <subfield code="l">0</subfield>
    <subfield code="o">RD868.44 B742o </subfield>
    <subfield code="p">BPMSU16060747</subfield>
    <subfield code="r">2016-06-30</subfield>
    <subfield code="t">v. 35, e. 2</subfield>
    <subfield code="w">2016-06-30</subfield>
    <subfield code="y">BK</subfield>
  </datafield>
  <datafield tag="952" ind1=" " ind2=" ">
    <subfield code="0">0</subfield>
    <subfield code="1">0</subfield>
    <subfield code="2">ddc</subfield>
    <subfield code="4">0</subfield>
    <subfield code="7">0</subfield>
    <subfield code="8">CD</subfield>
    <subfield code="a">BPMET</subfield>
    <subfield code="b">BPMET</subfield>
    <subfield code="d">2016-06-30</subfield>
    <subfield code="e">Comisi&#xF3;n Permanente Efem&#xE9;rides Patria</subfield>
    <subfield code="l">0</subfield>
    <subfield code="o">RD868.44 B742o </subfield>
    <subfield code="p">BPMSU16060748</subfield>
    <subfield code="r">2016-06-30</subfield>
    <subfield code="t">v. 35, e. 3</subfield>
    <subfield code="w">2016-06-30</subfield>
    <subfield code="y">BK</subfield>
  </datafield>
  <datafield tag="952" ind1=" " ind2=" ">
    <subfield code="0">0</subfield>
    <subfield code="1">0</subfield>
    <subfield code="2">ddc</subfield>
    <subfield code="4">0</subfield>
    <subfield code="7">0</subfield>
    <subfield code="8">CD</subfield>
    <subfield code="a">BPMET</subfield>
    <subfield code="b">BPMET</subfield>
    <subfield code="d">2016-06-30</subfield>
    <subfield code="e">Comisi&#xF3;n Permanente Efem&#xE9;rides Patria</subfield>
    <subfield code="l">0</subfield>
    <subfield code="o">RD868.44 B742o </subfield>
    <subfield code="p">BPMSU16060749</subfield>
    <subfield code="r">2016-06-30</subfield>
    <subfield code="t">v. 36</subfield>
    <subfield code="w">2016-06-30</subfield>
    <subfield code="y">BK</subfield>
  </datafield>
  <datafield tag="952" ind1=" " ind2=" ">
    <subfield code="0">0</subfield>
    <subfield code="1">0</subfield>
    <subfield code="2">ddc</subfield>
    <subfield code="4">0</subfield>
    <subfield code="7">0</subfield>
    <subfield code="8">CD</subfield>
    <subfield code="a">BPMET</subfield>
    <subfield code="b">BPMET</subfield>
    <subfield code="d">2016-06-30</subfield>
    <subfield code="e">Comisi&#xF3;n Permanente Efem&#xE9;rides Patria</subfield>
    <subfield code="l">0</subfield>
    <subfield code="o">RD868.44 B742o </subfield>
    <subfield code="p">BPMSU16060750</subfield>
    <subfield code="r">2016-06-30</subfield>
    <subfield code="t">v. 36, e. 2</subfield>
    <subfield code="w">2016-06-30</subfield>
    <subfield code="y">BK</subfield>
  </datafield>
  <datafield tag="952" ind1=" " ind2=" ">
    <subfield code="0">0</subfield>
    <subfield code="1">0</subfield>
    <subfield code="2">ddc</subfield>
    <subfield code="4">0</subfield>
    <subfield code="7">0</subfield>
    <subfield code="8">CD</subfield>
    <subfield code="a">BPMET</subfield>
    <subfield code="b">BPMET</subfield>
    <subfield code="d">2016-06-30</subfield>
    <subfield code="e">Comisi&#xF3;n Permanente Efem&#xE9;rides Patria</subfield>
    <subfield code="l">0</subfield>
    <subfield code="o">RD868.44 B742o v. 37</subfield>
    <subfield code="p">BPMSU16060751</subfield>
    <subfield code="r">2016-06-30</subfield>
    <subfield code="t">v. 36, e. 3</subfield>
    <subfield code="w">2016-06-30</subfield>
    <subfield code="y">BK</subfield>
  </datafield>
  <datafield tag="952" ind1=" " ind2=" ">
    <subfield code="0">0</subfield>
    <subfield code="1">0</subfield>
    <subfield code="2">ddc</subfield>
    <subfield code="4">0</subfield>
    <subfield code="7">0</subfield>
    <subfield code="8">CD</subfield>
    <subfield code="a">BPMET</subfield>
    <subfield code="b">BPMET</subfield>
    <subfield code="d">2016-06-30</subfield>
    <subfield code="e">Comisi&#xF3;n Permanente Efem&#xE9;rides Patria</subfield>
    <subfield code="l">0</subfield>
    <subfield code="o">RD868.44 B742o </subfield>
    <subfield code="p">BPMSU16060752</subfield>
    <subfield code="r">2016-06-30</subfield>
    <subfield code="t"> v. 37</subfield>
    <subfield code="w">2016-06-30</subfield>
    <subfield code="y">BK</subfield>
  </datafield>
  <datafield tag="952" ind1=" " ind2=" ">
    <subfield code="0">0</subfield>
    <subfield code="1">0</subfield>
    <subfield code="2">ddc</subfield>
    <subfield code="4">0</subfield>
    <subfield code="7">0</subfield>
    <subfield code="8">CD</subfield>
    <subfield code="a">BPMET</subfield>
    <subfield code="b">BPMET</subfield>
    <subfield code="d">2016-06-30</subfield>
    <subfield code="e">Comisi&#xF3;n Permanente Efem&#xE9;rides Patria</subfield>
    <subfield code="l">0</subfield>
    <subfield code="o">RD868.44 B742o </subfield>
    <subfield code="p">BPMSU16060753</subfield>
    <subfield code="r">2016-06-30</subfield>
    <subfield code="t"> v. 37, e. 2</subfield>
    <subfield code="w">2016-06-30</subfield>
    <subfield code="y">BK</subfield>
  </datafield>
  <datafield tag="952" ind1=" " ind2=" ">
    <subfield code="0">0</subfield>
    <subfield code="1">0</subfield>
    <subfield code="2">ddc</subfield>
    <subfield code="4">0</subfield>
    <subfield code="7">0</subfield>
    <subfield code="8">CD</subfield>
    <subfield code="a">BPMET</subfield>
    <subfield code="b">BPMET</subfield>
    <subfield code="d">2016-06-30</subfield>
    <subfield code="e">Comisi&#xF3;n Permanente Efem&#xE9;rides Patria</subfield>
    <subfield code="l">0</subfield>
    <subfield code="o">RD868.44 B742o</subfield>
    <subfield code="p">BPMSU16060754</subfield>
    <subfield code="r">2016-06-30</subfield>
    <subfield code="t">v. 37, e. 3</subfield>
    <subfield code="w">2016-06-30</subfield>
    <subfield code="y">BK</subfield>
  </datafield>
  <datafield tag="952" ind1=" " ind2=" ">
    <subfield code="0">0</subfield>
    <subfield code="1">0</subfield>
    <subfield code="2">ddc</subfield>
    <subfield code="4">0</subfield>
    <subfield code="7">0</subfield>
    <subfield code="8">CD</subfield>
    <subfield code="a">BPMET</subfield>
    <subfield code="b">BPMET</subfield>
    <subfield code="d">2016-06-30</subfield>
    <subfield code="e">Comisi&#xF3;n Permanente Efem&#xE9;rides Patria</subfield>
    <subfield code="l">0</subfield>
    <subfield code="o">RD868.44 B742o </subfield>
    <subfield code="p">BPMSU16060755</subfield>
    <subfield code="r">2016-06-30</subfield>
    <subfield code="t"> v. 38, e. 2</subfield>
    <subfield code="w">2016-06-30</subfield>
    <subfield code="y">BK</subfield>
  </datafield>
  <datafield tag="952" ind1=" " ind2=" ">
    <subfield code="0">0</subfield>
    <subfield code="1">0</subfield>
    <subfield code="2">ddc</subfield>
    <subfield code="4">0</subfield>
    <subfield code="7">0</subfield>
    <subfield code="8">CD</subfield>
    <subfield code="a">BPMET</subfield>
    <subfield code="b">BPMET</subfield>
    <subfield code="d">2016-06-30</subfield>
    <subfield code="e">Comisi&#xF3;n Permanente Efem&#xE9;rides Patria</subfield>
    <subfield code="l">0</subfield>
    <subfield code="o">RD868.44 B742o  </subfield>
    <subfield code="p">BPMSU16060756</subfield>
    <subfield code="r">2016-06-30</subfield>
    <subfield code="t">v. 38</subfield>
    <subfield code="w">2016-06-30</subfield>
    <subfield code="y">BK</subfield>
  </datafield>
  <datafield tag="952" ind1=" " ind2=" ">
    <subfield code="0">0</subfield>
    <subfield code="1">0</subfield>
    <subfield code="2">ddc</subfield>
    <subfield code="4">0</subfield>
    <subfield code="7">0</subfield>
    <subfield code="8">CD</subfield>
    <subfield code="a">BPMET</subfield>
    <subfield code="b">BPMET</subfield>
    <subfield code="d">2016-06-30</subfield>
    <subfield code="e">Comisi&#xF3;n Permanente Efem&#xE9;rides Patria</subfield>
    <subfield code="l">0</subfield>
    <subfield code="o">RD868.44 B742o </subfield>
    <subfield code="p">BPMSU16060757</subfield>
    <subfield code="r">2016-06-30</subfield>
    <subfield code="t">v. 38,  e. 3</subfield>
    <subfield code="w">2016-06-30</subfield>
    <subfield code="y">BK</subfield>
  </datafield>
  <datafield tag="952" ind1=" " ind2=" ">
    <subfield code="0">0</subfield>
    <subfield code="1">0</subfield>
    <subfield code="2">ddc</subfield>
    <subfield code="4">0</subfield>
    <subfield code="7">0</subfield>
    <subfield code="8">CD</subfield>
    <subfield code="a">BPMET</subfield>
    <subfield code="b">BPMET</subfield>
    <subfield code="d">2016-06-30</subfield>
    <subfield code="e">Comisi&#xF3;n Permanente Efem&#xE9;rides Patria</subfield>
    <subfield code="l">0</subfield>
    <subfield code="o">RD868.44 B742o </subfield>
    <subfield code="p">BPMSU16060758</subfield>
    <subfield code="r">2016-06-30</subfield>
    <subfield code="t">v. 39</subfield>
    <subfield code="w">2016-06-30</subfield>
    <subfield code="y">BK</subfield>
  </datafield>
  <datafield tag="952" ind1=" " ind2=" ">
    <subfield code="0">0</subfield>
    <subfield code="1">0</subfield>
    <subfield code="2">ddc</subfield>
    <subfield code="4">0</subfield>
    <subfield code="7">0</subfield>
    <subfield code="8">CD</subfield>
    <subfield code="a">BPMET</subfield>
    <subfield code="b">BPMET</subfield>
    <subfield code="d">2016-06-30</subfield>
    <subfield code="e">Comisi&#xF3;n Permanente Efem&#xE9;rides Patria</subfield>
    <subfield code="l">0</subfield>
    <subfield code="o">RD868.44 B742o </subfield>
    <subfield code="p">BPMSU16060759</subfield>
    <subfield code="r">2016-06-30</subfield>
    <subfield code="t">v. 39, e. 2</subfield>
    <subfield code="w">2016-06-30</subfield>
    <subfield code="y">BK</subfield>
  </datafield>
  <datafield tag="952" ind1=" " ind2=" ">
    <subfield code="0">0</subfield>
    <subfield code="1">0</subfield>
    <subfield code="2">ddc</subfield>
    <subfield code="4">0</subfield>
    <subfield code="7">0</subfield>
    <subfield code="8">CD</subfield>
    <subfield code="a">BPMET</subfield>
    <subfield code="b">BPMET</subfield>
    <subfield code="d">2016-06-30</subfield>
    <subfield code="e">Comisi&#xF3;n Permanente Efem&#xE9;rides Patria</subfield>
    <subfield code="l">0</subfield>
    <subfield code="o">RD868.44 B742o </subfield>
    <subfield code="p">BPMSU16060760</subfield>
    <subfield code="r">2016-06-30</subfield>
    <subfield code="t">v. 39, e. 3</subfield>
    <subfield code="w">2016-06-30</subfield>
    <subfield code="y">BK</subfield>
  </datafield>
  <datafield tag="952" ind1=" " ind2=" ">
    <subfield code="0">0</subfield>
    <subfield code="1">0</subfield>
    <subfield code="2">ddc</subfield>
    <subfield code="4">0</subfield>
    <subfield code="7">0</subfield>
    <subfield code="8">CD</subfield>
    <subfield code="a">BPMET</subfield>
    <subfield code="b">BPMET</subfield>
    <subfield code="d">2016-06-30</subfield>
    <subfield code="e">Comisi&#xF3;n Permanente Efem&#xE9;rides Patria</subfield>
    <subfield code="l">0</subfield>
    <subfield code="o">RD868.44 B742o </subfield>
    <subfield code="p">BPMSU16060761</subfield>
    <subfield code="r">2016-06-30</subfield>
    <subfield code="t">v. 40</subfield>
    <subfield code="w">2016-06-30</subfield>
    <subfield code="y">BK</subfield>
  </datafield>
  <datafield tag="952" ind1=" " ind2=" ">
    <subfield code="0">0</subfield>
    <subfield code="1">0</subfield>
    <subfield code="2">ddc</subfield>
    <subfield code="4">0</subfield>
    <subfield code="7">0</subfield>
    <subfield code="8">CD</subfield>
    <subfield code="a">BPMET</subfield>
    <subfield code="b">BPMET</subfield>
    <subfield code="d">2016-06-30</subfield>
    <subfield code="e">Comisi&#xF3;n Permanente Efem&#xE9;rides Patria</subfield>
    <subfield code="l">0</subfield>
    <subfield code="o">RD868.44 B742o</subfield>
    <subfield code="p">BPMSU16060762</subfield>
    <subfield code="r">2016-06-30</subfield>
    <subfield code="t">v. 40, e. 2</subfield>
    <subfield code="w">2016-06-30</subfield>
    <subfield code="y">BK</subfield>
  </datafield>
  <datafield tag="952" ind1=" " ind2=" ">
    <subfield code="0">0</subfield>
    <subfield code="1">0</subfield>
    <subfield code="2">ddc</subfield>
    <subfield code="4">0</subfield>
    <subfield code="7">0</subfield>
    <subfield code="8">CD</subfield>
    <subfield code="a">BPMET</subfield>
    <subfield code="b">BPMET</subfield>
    <subfield code="d">2017-10-09</subfield>
    <subfield code="e">Comisi&#xF3;n Permanente de Efem&#xE9;rides Patria </subfield>
    <subfield code="l">0</subfield>
    <subfield code="o">868.44   B742o</subfield>
    <subfield code="p">BPMSU7100006</subfield>
    <subfield code="r">2017-10-09</subfield>
    <subfield code="t"> v. 40, e. 3</subfield>
    <subfield code="w">2017-10-09</subfield>
    <subfield code="y">BK</subfield>
  </datafield>
  <datafield tag="999" ind1=" " ind2=" ">
    <subfield code="c">10575</subfield>
    <subfield code="d">10575</subfield>
  </datafield>
</record>
